Statystyki dla Ilu znasz polskich speedcuberów?

Kliknij tutaj aby rozwiązać quiz!

Ogólne statystyki

  • Ten quiz został rozwiązany 115 razy
  • Średni wynik to 80 z 4244

Statystyki odpowiedzi

Odpowiedź% Poprawnych
Tymon Kolasiński
67%
Adam Polkowski
63%
Krzysztof Bober
57%
Karol Zakrzewski
56%
Magdalena Pabisz
54%
Przemysław Rogalski
54%
Grzegorz Pacewicz
51%
Michał Halczuk
51%
Michał Krasowski
50%
Olaf Kuźmiński
49%
Radosław Drozdowicz
49%
Adam Chodyniecki
48%
Jan Zych
48%
Piotr Tokarski
48%
Łukasz Burliga
47%
Michał Rzewuski
47%
Piotr Olszewski
47%
Adrian Dębski
46%
Łukasz Dubicki
46%
Cezary Mach
44%
Hubert Hanusiak
44%
Wojciech Rogoziński
44%
Radomił Baran
43%
Bartłomiej Owczarek
42%
Kamil Przybylski
42%
Cyprian Kalbarczyk
41%
Gabriel Rejdych
41%
Jakub Hamkało
41%
Maksymilian Kulas
41%
Marcin Kowalczyk
41%
Szymon Malinowski
40%
Amelia Zakrzewska
39%
Dominika Warchoł
39%
Rafał Waryszak
39%
Hubert Firek
38%
Maciej Czapiewski
38%
Mateusz Szwugier
38%
Kalina Jakubowska
37%
Karol Piskorek
37%
Oskar Hanuszkiewicz
37%
Radosław Marcinek
37%
Tomasz Pietruszka
37%
Jakub Hibszer
36%
Jakub Kipa
36%
Jonatan Kłosko
36%
Mateusz Szulik
36%
Michał Pleskowicz
36%
Stanisław Szyszka
36%
Szymon Musiał
36%
Tomasz Cepil
36%
Wojciech Knott
36%
Dawid Wójcik
34%
Kacper Rafalski
34%
Kajetan Opach
34%
Maksymilian Misiak
34%
Michał Bogdan
34%
Maciej Skowroński
33%
Przemysław Kaleta
33%
Wojciech Szatanowski
33%
Adam Kędziorski
32%
Grzegorz Łuczyna
32%
Radosław Opoka
32%
Szymon Grodzki
32%
Tomasz Stawowy
32%
Kacper Paweł Dworak
31%
Szymon Kasprzycki
31%
Teodor Zajder
31%
Witold Sołtysik
31%
Dominik Górny
30%
Ernest Zakrzewski
29%
Jakub Grzyb
29%
Oliwier Tkaczyk
29%
Tomasz Żołnowski
29%
Wiktoria Waryszak
29%
Arkadiusz Abramowski
28%
Bartłomiej Krokos
28%
Szymon Jeziorski
28%
Zbigniew Zborowski
28%
Dominik Unijewski
27%
Krzysztof Boguszewski
27%
Mateusz Cichoracki
27%
Stefan Zajder
27%
Adam Gottscholl
26%
Arkadiusz Żynel
26%
Ignacy Malinowski
26%
Karol Kantor
26%
Marcin Zalewski
26%
Paweł Duraj
26%
Piotr Trząski
26%
Sebastian Nowicki
26%
Bartosz Karpiński
24%
Filip Rudnicki
24%
Grzegorz Jałocha
24%
Adam Łyskawa
23%
Jakub Grzybowski
23%
Jan Woźniak
23%
Marcel Nycz
23%
Patryk Szewczyk
23%
Piotr Kózka
23%
Adam Jagła
22%
Igor Ośmiałowski
22%
Jakub Dłużak
22%
Joanna Hołdakowska
22%
Kamil Michalak
22%
Krystian Węgrzyn
22%
Marcin Stachura
22%
Michał Mlostek
22%
Radosław Michałek
22%
Radosław Rogoziński
22%
Szymon Brzana
22%
Cyprian Doza
21%
Maciej Spirydowicz
21%
Marcin Jakubowski
21%
Mateusz Kotwica
21%
Mikołaj Morawski
21%
Patrycja Michalska
21%
Sylwester Jaroszewski
21%
Wojciech Barciaga
21%
Kinga Bednarska
20%
Piotr Serbeński
20%
Radosław Smędzik
20%
Tymon Sozański
20%
Grzegorz Makuch
19%
Krystian Załuski
19%
Maksymilian Majcher
19%
Michał Wac
19%
Piotr Michał Padlewski
19%
Przemysław Malinowski
19%
Zuzanna Kozicka
19%
Cezary Rokita
18%
Jarosław Chodyniecki
18%
Karolina Wiącek
18%
Mikołaj Salamon
18%
Mikołaj Tyra
18%
Oliver Sherlock
18%
Witali Bułatow
18%
Artur Kristof
17%
Felix Lewicki
17%
Hubert Badocha
17%
Ignacy Wesołowski
17%
Igor Kowalczyk
17%
Jakub Majchrzak
17%
Kacper Dworak
17%
Maksymilian Gala
17%
Michał Wachowiak
17%
Oliwier Szubert
17%
Piotr Kogut
17%
Tobiasz Urbanowicz
17%
Ada Zajder
16%
Hubert Kwasigroch
16%
Kacper Górecki
16%
Maksymilian Piskorowski
16%
Piotr Rejdych
16%
Tomasz Szubert
16%
Adam Golus
14%
Franciszek Fidos
14%
Jan Łagodzin
14%
Jerzy Chmiel
14%
Julian Lorenc
14%
Krzysztof Bloch
14%
Maciek Kozar
14%
Maksymilian Sordyl
14%
Manuela Pilch
14%
Patryk Milewczyk
14%
Radosław Ciuk
14%
Robert Cegiel
14%
Robert Ślesicki
14%
Wiktor Smędzik
14%
Zuzanna Bogusz
14%
Bartosz Krogul
13%
Bartosz Łebkowski
13%
Igor Jankowski
13%
Jakub Kubiak
13%
Jakub Tkaczyk
13%
Klaudia Ciuk
13%
Marek Pepke
13%
Michał Sozański
13%
Oliwia Jaworska
13%
Tomasz Larysz
13%
Aleksander Arefiew
12%
Antoni Stojek
12%
Bartosz Owczarek
12%
Igor Łabędź
12%
Jakub Bojanowski
12%
Owidiusz Pryk
12%
Patryk Zawieja
12%
Paweł Rybak
12%
Piotr Skowroński
12%
Stanisław Dąbrowski
12%
Tonia Kowalczyk
12%
Witold Waszkiewicz
12%
Adam Zakrzewski
11%
Aleksandra Tatoń
11%
Anna Kogut
11%
Ernest Seroczyński
11%
Eryk Kasperek
11%
Filip Błaszkowicz
11%
Filip Szostak
11%
Jakub Bartos
11%
Jakub Rezmer-Dywan
11%
Jakub Turczyk
11%
Jakub Wolniewicz
11%
Kacper Jędrzejuk
11%
Łukasz Kubica
11%
Marcel Grüner
11%
Mateusz Staniszewski
11%
Michal Jakubowski
11%
Michał Jakubowski
11%
Mikołaj Zubowicz
11%
Tomasz Burliga
11%
Wiktoria Krzebietke
11%
Witold Wesołowski
11%
Anna Bzdęga
10%
Błażej Morgała
10%
Grzegorz Prusak
10%
Ignacy Buczek
10%
Igor Kasprzycki
10%
Jakub Miśko
10%
Kalina Brzezińska
10%
Karolina Zatorska
10%
Konrad Leśniak
10%
Konrad Matyszek
10%
Krzysztof Żerucha
10%
Maksymilian Kwaśniewski
10%
Marcel Politowicz
10%
Marcin Bloch
10%
Marcin Mroskowiak
10%
Marek Dąbrowski
10%
Marta Sandra Duraj
10%
Piotr Melczewski
10%
Tobiasz Rychlik
10%
Weronika Rogulska
10%
Adam Joks
9%
Aleksander Sołonczak
9%
Bart Sekulski
9%
Filip Brokos
9%
Jakub Dolata
9%
Jakub Grabowski
9%
Jakub Pacewicz
9%
Joanna Dubicka
9%
Maciej Hebel
9%
Maciej Jabłoński
9%
Majk Tomas
9%
Marta Chwarścianek
9%
Mateusz Gil
9%
Mateusz Śliż
9%
Oskar Matysik
9%
Rafał Guzewicz
9%
Tomasz Kisała
9%
Wiktoria Zborowska
9%
Adam Rzewuski
8%
Adrian Permus
8%
Aleksander Iżowski
8%
Antoni Deja
8%
Daniel Samoszyn
8%
Dawid Centkowski
8%
Dominika Pabisz
8%
Dominik Pasztetnik
8%
Filip Miazek
8%
Filip Więcław
8%
Franciszek Traple
8%
Grzegorz Szumigaj
8%
Jan Zoń
8%
Juliusz Czakon
8%
Krzysztof Chlebowski
8%
Krzysztof Kuncki
8%
Krzysztof Wyrzykowski
8%
Łukasz Ciałoń
8%
Maja Turczyk
8%
Marcin Dołoto
8%
Marta Radziwanowska
8%
Mateusz Kanarski
8%
Michał Marszałek
8%
Michał Woźniak
8%
Mikołaj Gniady
8%
Patrycja Trząska
8%
Paweł Murawski
8%
Piotr Alexandrowicz
8%
Przemysław Rudziak
8%
Szymon Juroszek
8%
Szymon Prajsnar
8%
Tomasz Waryszak
8%
Adam Juszczyński
7%
Adrian Niemiec
7%
Aleksandra Bystrova
7%
Antek Gniady
7%
Bartłomiej Górny
7%
Bartosz Pawlik
7%
Cyprian Garboś
7%
Dominika Dziczek
7%
Dominik Czechowski
7%
Dominik Kobinski
7%
Dominik Żabiński
7%
Filip Paryż
7%
Grzegorz Łagodzin
7%
Ignacy Samselski
7%
Ignacy Tomczak
7%
Jan Krzanowski
7%
Janusz Łebkowski
7%
Joachim Rogal
7%
Kamil Tkacz
7%
Kamil Wroński
7%
Karolina Put
7%
Krystian Czudej
7%
Krzysztof Grabowski
7%
Krzysztof Więcław
7%
Łukasz Owczarek
7%
Maciej Ciuk
7%
Mateusz Otto
7%
Mateusz Wasil
7%
Mateusz Wcisło
7%
Michał Wroński
7%
Natan Suslowicz
7%
Patryk Grosiak
7%
Przemysław Kruczek
7%
Ryszard Kędziora
7%
Szymon Ciepiela
7%
Tomasz Cyrklaff
7%
Tomasz Kiedrowicz
7%
Tomek Bogdanik
7%
Wojciech Piórczyński
7%
Adam Janiszewski
6%
Antonina Polkowska
6%
Bartłomiej Maślanka
6%
Bartosz Kobyliński
6%
Bartosz Sawczuk
6%
Daniel Chudecki
6%
Filip Pasławski
6%
Filip Wołowicz
6%
Franciszek Byliński
6%
Igor Gładysz
6%
Jakub Brejnak
6%
Jakub Kubuszek
6%
Jakub Lorens
6%
Jakub Ogrodowczyk
6%
Kamil Gładysz
6%
Kamil Pawlak
6%
Kamil Więcławek
6%
Kinga Klonowska
6%
Krzysztof Kasprzak
6%
Kuba Adamczyk
6%
Maciej Pabisz
6%
Maciej Sugier
6%
Mariusz Pabisz
6%
Mateusz Fydrych
6%
Mateusz Gąsiorkiewicz
6%
Michał Cichocki
6%
Michał Denkiewicz
6%
Michał Dyga
6%
Michał Kowalski
6%
Michał Robaczyk
6%
Miłosz Gdula
6%
Nikodem Surdy
6%
Nikodem Tomaszuk
6%
Paweł Kowol
6%
Piotr Chodera
6%
Piotr Pojda
6%
Przemysław Kanarski
6%
Sebastian Kowalewski
6%
Szymon Bajor
6%
Szymon Brągiel
6%
Wiktoria Wołowicz
6%
Wojciech Wójcik
6%
Adam Brzana
4%
Adam Śmigaj
4%
Adam Walczybok
4%
Adrian Walkowiak
4%
Alan Żeromski
4%
Aleksander Zakrzewski
4%
Andrzej Turczyk
4%
Antoni Chomiuk
4%
Antoni Cichoń
4%
Artur Rapiński
4%
Bartłomiej Różalski
4%
Bartłomiej Sordyl
4%
Daniel Nocoń
4%
Dominik Pankros
4%
Emilia Goljanek
4%
Franciszek Biliński
4%
Franciszek Jentkiewicz
4%
Fryderyk Janiak
4%
Gracjan Paciorkowski
4%
Grzegorz Chudzik
4%
Ignacy Rataj
4%
Igor Wojciech Wawrzynski
4%
Jakub Barciaga
4%
Jakub Górzyński
4%
Jakub Hanuszkiewicz
4%
Jakub Kowalski
4%
Jakub Pietrzyk
4%
Jan Bielenia
4%
Jan Tokarz
4%
Janusz Trzepizur
4%
Jan Zachwatowicz
4%
Juliusz Grzegorz
4%
Kacper Stacha
4%
Kamil Łukaszewski
4%
Klaudia Milewczyk
4%
Marek Padlewski
4%
Mateusz Sykut
4%
Mateusz Zieliński
4%
Michał Kopeć
4%
Michał Nowak
4%
Michał Wojcieszek
4%
Nikodem Buda
4%
Piotr Kowal
4%
Piotr Kuchta
4%
Piotr Mazurkiewicz
4%
Piotr Tomczyk
4%
Rafał Krawczyk
4%
Robert Siniawski
4%
Stefan Łapicki
4%
Szymon Jaworski
4%
Szymon Mikuś
4%
Tomasz Kiełbasa
4%
Tomasz Odelga
4%
Wiktor Kowalski
4%
Wojciech Kisała
4%
Wojciech Weremczuk
4%
Wojciech Zych
4%
Adam Kulasiński
3%
Adrian Kowalczyk
3%
Adrian Radziewicz
3%
Aleksander Kiełbratowski
3%
Alicja Skowrońska
3%
Alicja Tyrakowska
3%
Antoni Kingston
3%
Antoni Rumowski
3%
Bartosz Bździel
3%
Bartosz Dąbrowski
3%
Bartosz Kaleta
3%
Bartosz Młynarczyk
3%
Blanka Le Hai
3%
Błażej Cichy
3%
Damian Matraszek
3%
Dominik Kasprzak
3%
Dominik Ostas
3%
Dominik Tadej
3%
Dominik Wojciechowski
3%
Filip Śliwa
3%
Franciszek Jasik
3%
Franciszek Kłos
3%
Gabriel Marczak
3%
Grzegorz Fiołka
3%
Ignacy Synowiecki
3%
Igor Jaroniewski
3%
Jakub Bonarski
3%
Jakub Cabaj
3%
Jakub Wojtaszewski
3%
Jakub Zarębski
3%
Jan Grzyb
3%
Jan Maciukiewicz
3%
Jarosław Nowicki
3%
Joanna Macuk
3%
Kacper Wójcik
3%
Kajetan Maślak
3%
Kamil Wyrostkiewicz
3%
Karol Dworak
3%
Karolina Żurek
3%
Karol Przewięźlikowski
3%
Karol Stacha
3%
Kinga Rybak
3%
Konrad Kowalski
3%
Krzysztof Butowski
3%
Ksawery Balcer
3%
Ksawier Kuźniar
3%
Lilianna Polkowska
3%
Ludwik Staniszewski
3%
Łukasz Gębicz
3%
Łukasz Gondek
3%
Łukasz Kruczkowski
3%
Maciej Walasik
3%
Maciej Wróblewski
3%
Maksymilian Jedynak
3%
Maksymilian Sęk
3%
Marek Mendel
3%
Marek Szymański
3%
Marek Wójtowicz
3%
Mateusz Bednarczyk
3%
Mateusz Gołaś
3%
Mateusz Zygmunt
3%
Michał Górny
3%
Mikołaj Kuzia
3%
Natalia Rypina
3%
Olgierd Łabęcki
3%
Oliwier Rozkoszny
3%
Oskar Kaczmarek
3%
Oskar Rozkoszny
3%
Paweł Duchnowski
3%
Paweł Lewicki
3%
Paweł Malinowski
3%
Paweł Urbański
3%
Paweł Zygmunt
3%
Piotr Oleszczuk
3%
Piotr Zygmunt
3%
Przemek Targosz
3%
Przemysław Piątek
3%
Sara Waniołka
3%
Sebastian Bryłka-Nadolski
3%
Stanisław Ostaszewski
3%
Szymon Kowal
3%
Szymon Moroń
3%
Szymon Myśliński
3%
Szymon Włóczyk
3%
Tomasz Kaczorowski
3%
Tomek Gamlij
3%
Wiktor Smaga
3%
Wojciech Gonet
3%
Wojciech Włodarczyk
3%
Wojciech Żmudziak
3%
Zuzanna Kupidura
3%
Adam Malicki
2%
Adam Morawski
2%
Adrian Dudek
2%
Adrian Reinert
2%
Aleksander Dworak
2%
Aleksander Kołodziński
2%
Aleksander Osiowski
2%
Aleksandra Mogiła
2%
Alicja Czysz
2%
Anna Oleszczuk
2%
Antoni Citko
2%
Antoni Kłos
2%
Aron Kasprowicz
2%
Barbara Olbromska
2%
Bartłomiej Gołda
2%
Bartłomiej Krawczyk
2%
Bartosz Ingram
2%
Bartosz Janecki
2%
Bartosz Krzysztoszek
2%
Bartosz Kuć
2%
Bartosz Kuciel
2%
Bartosz Lewandowski
2%
Bartosz Ochał
2%
Bartosz Skuła
2%
Bartosz Szczepaniak
2%
Bianka Witkowska
2%
Cezary Chełkowski
2%
Cezary Gajzler
2%
Cyryl Janicki
2%
Damian Malinowski
2%
Dawid Barański
2%
Dawid Filipow
2%
Dominik Jakubowski
2%
Dominik Obara
2%
Dominik Śledź
2%
Dominik Tomczyk
2%
Dorian Bajorek
2%
Emil Pawelczyk
2%
Ewa Wójcik
2%
Fabian Toboła
2%
Felix Rejent
2%
Filip Jurczak
2%
Filip Młynarczyk
2%
Franciszek Świtek
2%
Franciszek Tyła
2%
Gustaw Rejent
2%
Helena Cwalina
2%
Hubert Witek
2%
Ignacy Ptaszkowski
2%
Iwo Staniszewski
2%
Jagoda Lotz
2%
Jakub Jarmuła
2%
Jakub Misiak
2%
Jakub Oleksiak
2%
Jakub Ostas
2%
Jakub Tamioła
2%
Jakub Waliszewski
2%
Jakub Wójcik
2%
Jan Golec
2%
Jan Szczepański
2%
Jeremi Mroczko
2%
Jeremi Niedziela
2%
Joanna Kierznikiewicz
2%
Julek Kawczyński
2%
Julia Ostrowicka
2%
Kacper Bondos
2%
Kacper Ćwik
2%
Kacper Dłubała
2%
Kacper Domański
2%
Kacper Grzelakowski
2%
Kacper Kuźniak
2%
Kacper Nawrocki
2%
Kacper Ślęzak
2%
Kacper Szeląg
2%
Kamil Mieńko
2%
Kamil Zieliński
2%
Karol Radomski
2%
Kasia Stawiarz
2%
Konrad Warmusz
2%
Krystian Fiołek
2%
Krystian Wielis
2%
Krzysztof Górka
2%
Krzysztof Gosławski
2%
Krzysztof Kucharski
2%
Krzysztof Natusiewicz
2%
Krzysztof Pietrusiak
2%
Krzysztof Rożałowski
2%
Krzysztof Styrczula
2%
Ksawery Beniuk
2%
Lena Ozga
2%
Łukasz Młynarczyk
2%
Łukasz Pawłowski
2%
Łukasz Pielczyk
2%
Łukasz Stępień
2%
Maciej Kawiński
2%
Maciej Lyer
2%
Magdalena Michałek
2%
Maksymilian Osiowski
2%
Maksymilian Węgiel
2%
Malwina Szopińska
2%
Marcin Nowak
2%
Marta Choroszko
2%
Martyna Jarosz
2%
Mateusz Adamczyk
2%
Mateusz Bytner
2%
Mateusz Celewicz
2%
Mateusz Konarski
2%
Mateusz Mac
2%
Mateusz Mączka
2%
Mateusz Śmiatacz
2%
Mateusz Zdunek
2%
Mateusz Ziemba
2%
Michał Kaleta
2%
Michał Mac
2%
Michał Machnik
2%
Michał Marczak
2%
Michał Matczak
2%
Michał Pawlak
2%
Michał Śliwiński
2%
Michał Wójtowicz
2%
Miłosz Łaskawiec
2%
Nikodem Rudy
2%
Nikodem Trzop
2%
Olaf Rozkoszny
2%
Patrycja Głodzińska
2%
Patryk Skrzyński
2%
Patryk Zakrzewski
2%
Paweł Kowalski
2%
Paweł Wilde
2%
Paweł Włoszek
2%
Paweł Wojciechowski
2%
Piotr Buba
2%
Piotr Cymbała
2%
Piotr Janecki
2%
Piotr Karpiński
2%
Rafał Borkowski
2%
Rafał Gołyszny
2%
Rafał Sądek
2%
Remigiusz Durka
2%
Sergiusz Kornatowski
2%
Shinobi Nwaigwe Stanieczek
2%
Sonia Reinert
2%
Stanisław Dworak
2%
Szymon Kornatowski
2%
Szymon Kuziemka
2%
Szymon Mazur
2%
Szymon Meyer
2%
Szymon Ruksza
2%
Tomasz Hebel
2%
Tomasz Jaśko
2%
Tomasz Semeniuk
2%
Tomasz Stawicki
2%
Tymon Baumgart
2%
Vanessa Tyszkiewicz
2%
Wiktor Lutowski
2%
Wiktor Smorąg
2%
Wojciech Fydrych
2%
Wojciech Marchewa
2%
Wojciech Tyła
2%
Wojciech Zachwatowicz
2%
Aaron Jóźwiak
1%
Adam Czarnecki
1%
Adam Czech
1%
Adam Gajda
1%
Adam Jagodziński
1%
Adam Kolanus
1%
Adam Krupa
1%
Adam Miłek
1%
Adam Pietrzak
1%
Adam Remfeld
1%
Adam Roik
1%
Adam Sokołowski
1%
Adam Szpor
1%
Adam Tkaczyk
1%
Adrian Kachadorian
1%
Adrian Katulski
1%
Adrian Kowalski
1%
Adrianna Szabała
1%
Adrian Okleciński
1%
Adrian Rojna
1%
Alan Lisewski
1%
Albert Orłowski
1%
Aleksander Atamańczuk
1%
Aleksander Rogowski
1%
Aleksander Trzciński
1%
Aleksander Władyka
1%
Aleksa Nowak
1%
Amadeusz Kaniasty
1%
Andrzej Domagała
1%
Andrzej Kwiatkowski
1%
Angelika Gaweł
1%
Angelika Ochla
1%
Anna Bielak
1%
Anna Hibszer
1%
Anna Prabucka
1%
Anna Zborowska
1%
Antoni Błoński
1%
Antoni Czarnecki
1%
Antoni Dankowski
1%
Antoni Zganiacz
1%
Arkadiusz Sałajczyk
1%
Artur Kręgiel
1%
Artur Okulicz-Kozaryn
1%
Barbara Błońska
1%
Bartłomiej Fecko
1%
Bartłomiej Klimeczek
1%
Bartłomiej Kopacz
1%
Bartłomiej Korba
1%
Bartłomiej Kryński
1%
Bartłomiej Profic
1%
Bartłomiej Zięba
1%
Bartosz Błyszcz
1%
Bartosz Filiński
1%
Bartosz Miduch
1%
Bartosz Miecznikowski
1%
Bartosz Osuch
1%
Bartosz Pepliński
1%
Bartosz Skrzypkowski
1%
Bartosz Sojka
1%
Bartosz Tartanus
1%
Bartosz Tys
1%
Błażej Łytkowski
1%
Bogdan Damski
1%
Bogdan Szatanowski
1%
Bogusz Mitas
1%
Borys Chojak
1%
Bruno Kurdybowicz
1%
Cyprian Czuba
1%
Damian Szyszka
1%
Damian Węgliński
1%
Daniel Grzyb
1%
Daniel Jamrużka
1%
Daniel Kurtz
1%
Daniel Przymus
1%
Darius Torres
1%
Dawid Dziamałek
1%
Dawid Gołębiowski
1%
Dawid Grześkowiak
1%
Dawid Jasiński
1%
Dawid Mazurek
1%
Dawid Schwalbe
1%
Dawid Wilczyński
1%
Dennis van Enckevort
1%
Dominika Mrówka
1%
Dominik Domin
1%
Dominik Dragon
1%
Dominik Zamęcki
1%
Dorota Krasowska
1%
Emil Pacan
1%
Emil Styczyński
1%
Eryk Pytko
1%
Filip Błaszczyk
1%
Filip Chudy
1%
Filip Jagiełłowicz
1%
Filip Kopeć
1%
Filip Nowak
1%
Filip Stamirski
1%
Filip Zowczak
1%
Franciszek Dębkowski
1%
Franciszek Kłopotowski
1%
Franciszek Ryba
1%
Franciszek Sołtysik
1%
Grzegorz Burkat
1%
Grzegorz Łucki
1%
Hanna Musioł
1%
Hanna Sęk
1%
Hubert Antokolski
1%
Hubert Gontarczyk
1%
Hubert Mastalerz
1%
Ignacy Bukowski
1%
Ignacy Kuś
1%
Ignacy Zagajewski
1%
Igor Nowak
1%
Jacek Jarema
1%
Jakub Brzeziński
1%
Jakub Bukowski
1%
Jakub Burak
1%
Jakub Danilewicz
1%
Jakub Figa
1%
Jakub Gogolewski
1%
Jakub Grynia
1%
Jakub Gumulak
1%
Jakub Jakowienko
1%
Jakub Jankowski
1%
Jakub Krupka
1%
Jakub Lewicki
1%
Jakub Lisiecki
1%
Jakub Malczyński
1%
Jakub Mittelstaedt
1%
Jakub Murawski
1%
Jakub Naja
1%
Jakub Pastucha
1%
Jakub Sałaciński
1%
Jakub Sieńko
1%
Jakub Tomala
1%
Jakub Wróbel
1%
Jan Dywan
1%
Jan Jabłoński
1%
Jan Koziński
1%
Jan Piwiński
1%
Jan Robel
1%
Jan Szaniewski
1%
Jan Teleszko
1%
Jarosław Kogut
1%
Joanna Kołacka
1%
Józef Pietrucha
1%
Julia Bober
1%
Julia Dąbrowska
1%
Kacper Górski
1%
Kacper Gut
1%
Kacper Jach
1%
Kacper Kądzielawa
1%
Kacper Pamuła
1%
Kacper Pawlaczyk
1%
Kacper Przełożny
1%
Kacper Ryś
1%
Kacper Toruński
1%
Kacper Wiśniewski
1%
Kamila Chwaściak
1%
Kamil Chorzelewski
1%
Kamil Fiedoruk
1%
Kamil Kriegler
1%
Kamil Pomietło
1%
Kamil Ścisłowicz
1%
Kamil Szczygielski
1%
Karol Cudzich
1%
Karolina Czuraj
1%
Karolina Matczak
1%
Karol Kościelny
1%
Karol Leonowicz
1%
Karol Marczak
1%
Karol Masłowski
1%
Karol Osiecki
1%
Karol Poniedzielnik
1%
Karol Zaucha
1%
Karol Zieliński
1%
Katarzyna Brzezińska
1%
Kazeo Kazimierz Hada
1%
Kazimierz Cywiński
1%
Klaudia Grabowska
1%
Konrad Czudej
1%
Konrad Stawski
1%
Konstanty Sobański
1%
Korneliusz Tombarkiewicz
1%
Kosma Puszkiewicz
1%
Krystian Święch
1%
Krzesimir Jaszke
1%
Krzysztof Boryczko
1%
Krzysztof Czuraj
1%
Krzysztof Dąbrowski
1%
Krzysztof Kamiński
1%
Krzysztof Kożdoń
1%
Krzysztof Michałek
1%
Krzysztof Szwarc
1%
Leon Belczak
1%
Leon Malarski
1%
Leon Pawłowski
1%
Łukasz Burchard
1%
Łukasz Cichecki
1%
Łukasz Herman
1%
Łukasz Kurowski
1%
Łukasz Laskowski
1%
Łukasz Lubojański
1%
Łukasz Sadownik
1%
Łukasz Zagrol
1%
Luu Hathi Julia Nguyen
1%
Maciej Będziński
1%
Maciej Kowalski
1%
Maciej Majka
1%
Maciej Murawski
1%
Maciej Zieliński
1%
Magdalena Burnicka
1%
Maja Sala
1%
Maksymilian Januszewski
1%
Maksymilian Kutyła
1%
Maksymilian Świeca
1%
Maksymilian Szymczyk
1%
Maksymilian Żurawski
1%
Małgorzata Nowagiel
1%
Marcin Chudy
1%
Marcin Ciporski
1%
Marcin Gawęda
1%
Marcin Klinke
1%
Marcin Kowalski
1%
Marcin Kupis
1%
Marcin Zabiegaj
1%
Marek Kolecki
1%
Marek Kurcyus
1%
Marek Rudnicki
1%
Marek Rzepka
1%
Maria Rutkowska
1%
Mariusz Wiśniewski
1%
Marta Żywicka
1%
Martyna Rytych
1%
Mateusz Balawajder
1%
Mateusz Bednarski
1%
Mateusz Brodzik
1%
Mateusz Burnicki
1%
Mateusz Głuc
1%
Mateusz Jelonek
1%
Mateusz Kostro-Olechowski
1%
Mateusz Kostur
1%
Mateusz Kozioł
1%
Mateusz Nawrocki
1%
Mateusz Oberg
1%
Mateusz Rymorz
1%
Mateusz Wich
1%
Mateusz Woźniak
1%
Mateusz Zygo
1%
Maurycy Chrupek
1%
Max Utri
1%
Michał Brzozowski
1%
Michał Burnicki
1%
Michał Buszczak
1%
Michał Cekus
1%
Michał Dębski
1%
Michał Kawa
1%
Michał Kocięba
1%
Michał Kot
1%
Michał Kowalczyk
1%
Michał Kuchta
1%
Michał Michalak
1%
Michał Nikiel
1%
Michał Orzechowski
1%
Michał Picz
1%
Michał Sabat
1%
Michał Sikora
1%
Michał Stachurski
1%
Michał Tomański
1%
Michał Wizner
1%
Michał Woliński
1%
Mikołaj Barszczewski
1%
Mikolaj Birecki
1%
Mikołaj Dorosiński
1%
Mikołaj Jakubowski
1%
Mikołaj Kopeć
1%
Mikołaj Molski
1%
Mikołaj Nowak
1%
Mikołaj Rydlewski
1%
Mikołaj Wojciechowski
1%
Miłosz Tylenda
1%
Monika Łojek
1%
Monika Szachniewicz
1%
Natalia Bujny
1%
Natalia Przybyło
1%
Natalia Zawadzka
1%
Nataniel Kulesa
1%
Nicholas Pasek
1%
Nikodem Bury
1%
Nikodem Ciepłucha
1%
Nikodem Frejtak
1%
Nikodem Kochanik
1%
Norbert Dzida
1%
Norbert Kamiński
1%
Olaf Malik
1%
Olgierd Ostrowski
1%
Oliwia Hikiel
1%
Oliwier Kruczek
1%
Omer Yusuf Gonen
1%
Oscar Pedone
1%
Oskar Nowicki
1%
Oskar Winiarz
1%
Patrycja Staśko
1%
Patryk Bola
1%
Patryk Kozieł
1%
Patryk Kuliński
1%
Patryk Owczarek
1%
Patryk Stronka
1%
Patryk Szymula
1%
Paweł Berg
1%
Paweł Gąsiorowski
1%
Paweł Kamiński
1%
Paweł Kędziorski
1%
Paweł Orlik
1%
Paweł Piotrowski
1%
Paweł Psykała
1%
Paweł Sadownik
1%
Paweł Szczepański
1%
Paweł Tomal
1%
Piotr Baranowski
1%
Piotr Bienias
1%
Piotr Dworaczyk
1%
Piotrek Kułaga
1%
Piotr Frankowski
1%
Piotr Graczyk
1%
Piotr Ingram
1%
Piotr Kaminski
1%
Piotr Krzysztof Boniecki
1%
Piotr Ochal
1%
Piotr Ślesicki
1%
Piotr Sołtysik
1%
Piotr Stachurski
1%
Piotr Sulej
1%
Piotr Waruszewski
1%
Piotr Zaworski
1%
Przemek Sioła
1%
Przemysław Janicki
1%
Przemysław Jasik
1%
Przemysław Kopczyński
1%
Przemysław Wieczorek
1%
Radosław Biel
1%
Radosz Mitas
1%
Rafał Bortliczek
1%
Rafał Drozd
1%
Rafał Lorenc
1%
Rafał Potaczała
1%
Rafał Studnicki
1%
Roch Grzegorek
1%
Sara Buksak
1%
Sebastian Baltrukas
1%
Sebastian Kaźmierski
1%
Sebastian Kieś
1%
Sebastian Sak
1%
Sebastian Wałczyk
1%
Stanisław Karolczak
1%
Stanisław Ożyński
1%
Stanisław Wierzbicki
1%
Szymon Byczkowski
1%
Szymon Głowala
1%
Szymon Kluzowicz
1%
Szymon Kowalski
1%
Szymon Krześniak
1%
Szymon Lewandowski
1%
Szymon Nerek
1%
Szymon Nowak
1%
Szymon Przybyło
1%
Szymon Rączka
1%
Szymon Rynkiewicz
1%
Szymon Urbański
1%
Szymon Walczak
1%
Teofil Łaszewski
1%
Tomasz Guźdź
1%
Tomasz Jelito
1%
Tomasz Korzeniewski
1%
Tomasz Maroń
1%
Tomasz Piotrowski
1%
Tomasz Przyczyna
1%
Tomasz Rutkowski
1%
Tomasz Seweryn
1%
Tomasz Szafarczyk
1%
Tomasz Tokarski
1%
Tymek Sokołowski
1%
Tymon Drop
1%
Tymoteusz Będziński
1%
Tymoteusz Orzechowski
1%
Weronika Czuraj
1%
Weronika Krzakiewicz
1%
Weronika Marczyk
1%
Wiktoria Marczyk
1%
Wiktor Łyszkowski
1%
Wiktor Syrytczyk
1%
Wiktor Szafar
1%
Wiktor Żurowski
1%
Wincenty Mikucewicz
1%
Witold Kanafa
1%
Witold Łotoczko
1%
Wojciech Drzewicki
1%
Wojciech Moska
1%
Wojciech Natanek
1%
Wojciech Truskolawski
1%
Wojciech Tułacz
1%
Wojciech Zagdan
1%
Wojciech Zawada
1%
Zachariasz Bortliczek
1%
Zofia Gołaska
1%
Zofia Kozak
1%
Zuzanna Zimakowska
1%
Adam Babkiewicz
0%
Adam Batko
0%
Adam Ben Ahmed
0%
Adam Blicharski
0%
Adam Bobowski
0%
Adam Chłopiński
0%
Adam Cieślikowski
0%
Adam Dawidziuk
0%
Adam Ebert
0%
Adam Franiak
0%
Adam Gajowy
0%
Adam Gawroński
0%
Adam Golik
0%
Adam Gołkowski
0%
Adam Guzik
0%
Adam Halił
0%
Adam Jarząbkiewicz
0%
Adam Jaszczuk
0%
Adam Jednacz
0%
Adam Jedynak
0%
Adam Jelewski
0%
Adam Kadzielawa
0%
Adam Klinowski
0%
Adam Komoń
0%
Adam Komorowski
0%
Adam Kopczyński
0%
Adam Kostrzewa
0%
Adam Krystkiewicz
0%
Adam Lisik
0%
Adam Mackowiak
0%
Adam Malec
0%
Adam Margieta
0%
Adam Mazur
0%
Adam Michoński
0%
Adam Nahajowski
0%
Adam Nawojski
0%
Adam Oleniacz
0%
Adam Pasikowski
0%
Adam Pawlak
0%
Adam Pawłowski
0%
Adam Pisarek
0%
Adam Płomiński
0%
Adam Polejczuk
0%
Adam Redlicki
0%
Adam Ronkiewicz
0%
Adam Rurys
0%
Adam Rydlewski
0%
Adam Schmidt
0%
Adam Sołtysiak
0%
Adam Stachowiak
0%
Adam Stankiewicz
0%
Adam Stępień
0%
Adam Styka
0%
Adam Suchcicki
0%
Adam Szaj
0%
Adam Szewczyk
0%
Adam Tesarowski
0%
Adam Trąba
0%
Adam Wacławek
0%
Adam Warchoł
0%
Adam Wasilewski
0%
Adam Węgrzyn
0%
Adam Wita
0%
Adam Wojciechowski
0%
Adam Wojtkowiak
0%
Adam Wojtyła
0%
Adam Wyrembelski
0%
Adam Wysocki-Chorąży
0%
Adam Żołna
0%
Adam Zubowicz
0%
Adelina Ilnicki
0%
Adrian Alankiewicz
0%
Adriana Sobotka
0%
Adrian Banaś
0%
Adrian Borys
0%
Adrian Cacoń
0%
Adrian Ciesielczyk
0%
Adrian Czerwinski
0%
Adrian Duszynski
0%
Adrian Dymecki
0%
Adrian Dziewulski
0%
Adrian Kacprzyk
0%
Adrian Katryniok
0%
Adrian Kołodziej
0%
Adrian Ławicki
0%
Adrian Majewski
0%
Adrian Mitoraj
0%
Adrian Mróz
0%
Adrianna Felczerek
0%
Adrian Napieracz
0%
Adrianna Pytlarz
0%
Adrian Nowikiewicz
0%
Adrian Ogrodowski
0%
Adrian Piątek
0%
Adrian Stromski
0%
Adrian Szandrowski
0%
Adrian Szewczyński
0%
Adrian Wach
0%
Adrian Wąchała
0%
Adrian Walczak
0%
Adrian Wojda
0%
Adrian Zaklicki
0%
Adrian Zawadzki
0%
Adrian Żyła
0%
Agata Brzęczek
0%
Agata Frydrych
0%
Agata Honisz
0%
Agata Krzykała
0%
Agata Kuzenko
0%
Agata Rymarczyk
0%
Agata Szczepaniuk
0%
Agata Żymuła
0%
Agnieszka Berecka
0%
Agnieszka Dobruk
0%
Agnieszka Górska
0%
Agnieszka Guzewicz
0%
Agnieszka Kamińska
0%
Agnieszka Kozieł
0%
Agnieszka Ksiądzyna
0%
Agnieszka Pędzisz
0%
Agnieszka Piecha
0%
Agnieszka Sekuła
0%
Agnieszka Smolnicka
0%
Ala Jaskulska
0%
Alan Chojnowski
0%
Alan Czyż
0%
Alan Malik
0%
Alan Pawłowski
0%
Alan Świątczak
0%
Alan Szulc
0%
Alan Tomczak
0%
Alan Żynda
0%
Albert Adam Puzon
0%
Albert Pieniak
0%
Albert Stanula
0%
Alek Bogdański
0%
Aleksander Bartoszak
0%
Aleksander Bednarski
0%
Aleksander Borzykowski
0%
Aleksander Brzozowski
0%
Aleksander Budziński
0%
Aleksander Dobosz
0%
Aleksander Gajos
0%
Aleksander Garlicki
0%
Aleksander Gręda
0%
Aleksander Kosowski
0%
Aleksander Kucharski
0%
Aleksander Kuriata
0%
Aleksander Lipowski
0%
Aleksander Mączyński
0%
Aleksander Majewski
0%
Aleksander Marcinkiewicz
0%
Aleksander Mydlak
0%
Aleksander Osiecki
0%
Aleksander Paluch
0%
Aleksander Parasion
0%
Aleksander Pietkiewicz
0%
Aleksander Ponto
0%
Aleksander Rekawek
0%
Aleksander Rosik
0%
Aleksander Rutkowski
0%
Aleksander Siwek
0%
Aleksander Sobolewski
0%
Aleksander Stachnik
0%
Aleksander Stepniewicz
0%
Aleksander Sujka
0%
Aleksander Świechowski
0%
Aleksander Turski
0%
Aleksander Wellinski
0%
Aleksander Węsierski
0%
Aleksander Wilczyński
0%
Aleksander Wołoszyn
0%
Aleksander Zborowski
0%
Aleksander Żubrowski
0%
Aleksandra Brunn
0%
Aleksandra Dziukiewicz
0%
Aleksandra Jaszczuk
0%
Aleksandra Kondrat
0%
Aleksandra Miazek
0%
Aleksandra Staszewska
0%
Aleksandra Symko
0%
Aleksandra Zawisza
0%
Aleksandra Żybura
0%
Aleks Baran
0%
Aleks Dawidek
0%
Alexander Arez
0%
Alexander Walkiewicz
0%
Alex Gałęza
0%
Alex Korożan
0%
Alex Myrus
0%
Alicja Dabkiewicz
0%
Alicja Neugebauer
0%
Amelia Michalik
0%
Amelia Pownug
0%
Amelia Przystał
0%
Amelia Rudzik
0%
Amelka Filipek
0%
Anastazja Cybulska
0%
Anastazja Janicka
0%
Andrea Basilisco
0%
Andrii Bondarenko
0%
Andrzej Cziao
0%
Andrzej Dębicki
0%
Andrzej Jamrozik
0%
Andrzej Jędrzejak
0%
Andrzej Klimek
0%
Andrzej Kowal
0%
Andrzej Krzewicki
0%
Andrzej Lisiecki
0%
Andrzej Moskal
0%
Andrzej Nowak
0%
Andrzej Perczak
0%
Andrzej Rudnik
0%
Andrzej Sakłak
0%
Andrzej Sasak
0%
Andrzej Sobieszczyk
0%
Andrzej Wojciechowski
0%
Aneta Sikora
0%
Aneta Zwolińska
0%
Angelika Kopaczewska
0%
Anna Bartczak
0%
Anna Burnicka
0%
Anna Dobrowolska
0%
Anna Jasiewicz
0%
Anna Kryger
0%
Anna Mieszalska
0%
Anna Szymańska
0%
Antek Charytoniuk
0%
Antek Deryło
0%
Antek Szpilski
0%
Antoni Bogumił
0%
Antoni Borkowski
0%
Antoni Firlej
0%
Antoni Futkowski
0%
Antoni Godlewski
0%
Antoni Gozdyra
0%
Antoni Grabarz
0%
Antoni Krupiński
0%
Antoni Krzywdziński
0%
Antoni Kujawa
0%
Antoni Ładyński
0%
Antoni Magdziarz
0%
Antoni Mania
0%
Antoni Mikołajczyk
0%
Antoni Munje
0%
Antonina Bieryt
0%
Antoni Pajko
0%
Antoni Pepliński
0%
Antoni Piasek
0%
Antoni Pielak
0%
Antoni Pośniak
0%
Antoni Prowda
0%
Antoni Pusz
0%
Antoni Razowski
0%
Antoni Reszka
0%
Antoni Rodzoch
0%
Antoni Rygulski
0%
Antoni Sajdak
0%
Antoni Sarna
0%
Antoni Szafran
0%
Antoni Szoka
0%
Antoni Sztobnicki
0%
Antoni Thoms
0%
Antoni Trześniewski
0%
Antoni Wartecki
0%
Antoni Wiłkowicz
0%
Antoni Wojdyła
0%
Antoni Zając
0%
Antoni Zakrzewski-Jarosz
0%
Antoni Żyrek
0%
Arek Pikosz
0%
Arkadiusz Atamańczuk
0%
Arkadiusz Gajda
0%
Arkadiusz Golec
0%
Arkadiusz Margieta
0%
Arkadiusz Mazur
0%
Arkadiusz Pekalski
0%
Arkadiusz Stróżyk
0%
Arkadiusz Szczerbak
0%
Arkadiusz Szmyd
0%
Arkadiusz Uhlig
0%
Arkadiusz Wawrzynek
0%
Arkadiusz Wójtowicz
0%
Arkadiusz Zabolewicz
0%
Arnold Oleś
0%
Aron Bełtowski
0%
Artur Bacik
0%
Artur Doroszko
0%
Artur Gwizdziel
0%
Artur Justyński
0%
Artur Kaczor
0%
Artur Keczmerski
0%
Artur Klimek
0%
Artur Kosiec
0%
Artur Kozieł
0%
Artur Lange
0%
Artur Miazga
0%
Artur Rzegost
0%
Artur Stefański
0%
Artur Strzałkowski
0%
Artur Strzępka
0%
Artur Szamatowicz
0%
Artur Szela
0%
Asia Gałaszewska
0%
Ayan Qaiser
0%
Bartek Czechowski
0%
Bartek Kaczorowski
0%
Bartek Kukier
0%
Bartek Kulas
0%
Bartek Kuźniar
0%
Bartek Leśniewski
0%
Bartek Mazurek
0%
Bartek Mirecki
0%
Bartek Rykaczewski
0%
Bartek Stefańczyk
0%
Bartek Wrzeszcz
0%
Bartłomiej Błaszczyk
0%
Bartłomiej Brzezinka
0%
Bartłomiej Deptuła
0%
Bartłomiej Drewla-Mazurkiewicz
0%
Bartłomiej Florek
0%
Bartłomiej Gajewski
0%
Bartłomiej Gałczyk
0%
Bartłomiej Gruzdas
0%
Bartłomiej Gut
0%
Bartłomiej Kaleński
0%
Bartłomiej Kamiński
0%
Bartłomiej Kleszczewski
0%
Bartłomiej Kuliś
0%
Bartłomiej Lewandowski
0%
Bartłomiej Magiera
0%
Bartłomiej Maj
0%
Bartłomiej Migas
0%
Bartłomiej Mucha
0%
Bartłomiej Olechno
0%
Bartłomiej Osmański
0%
Bartłomiej Piasecki
0%
Bartłomiej Rzeszut
0%
Bartłomiej Socha
0%
Bartłomiej Steliga
0%
Bartłomiej Strzelczyk
0%
Bartłomiej Szczepanik
0%
Bartłomiej Szymański
0%
Bartłomiej Tobiasz
0%
Bartłomiej Wałcerz
0%
Bartłomiej Wróbel
0%
Bartłomiej Zieliński
0%
Bartosz Apanasienko
0%
Bartosz Bartocha
0%
Bartosz Bielecki
0%
Bartosz Bogdan
0%
Bartosz Bosko
0%
Bartosz Burda
0%
Bartosz Burnicki
0%
Bartosz Chmielarski
0%
Bartosz Domagała
0%
Bartosz Dudek
0%
Bartosz Garbaszewski
0%
Bartosz Gawęda
0%
Bartosz Gmurczyk
0%
Bartosz Gorlewicz
0%
Bartosz Górski
0%
Bartosz Grabowski
0%
Bartosz Grzegorzczyk
0%
Bartosz Jadacki
0%
Bartosz Jakubczak
0%
Bartosz Janiszek
0%
Bartosz Jarzyński
0%
Bartosz Jasiewicz
0%
Bartosz Jurczak
0%
Bartosz Kisły
0%
Bartosz Klupa
0%
Bartosz Kotowicz
0%
Bartosz Krasiński
0%
Bartosz Krauze
0%
Bartosz Kuryło
0%
Bartosz Łojek
0%
Bartosz Łuka
0%
Bartosz Łukaszewski
0%
Bartosz Łuszcz
0%
Bartosz Michalik
0%
Bartosz Pachała
0%
Bartosz Pawłowski
0%
Bartosz Płonka
0%
Bartosz Pragacz
0%
Bartosz Repiński
0%
Bartosz Rewers
0%
Bartosz Rudzki
0%
Bartosz Sączek
0%
Bartosz Sędrowski
0%
Bartosz Seweryn
0%
Bartosz Spichalski
0%
Bartosz Sudek
0%
Bartosz Świtek
0%
Bartosz Szatkowski
0%
Bartosz Szlezier
0%
Bartosz Wlizło
0%
Bartosz Włodarz
0%
Bartosz Zagajski
0%
Bartosz Zaglaniczny
0%
Bartosz Zawiślak
0%
Bazyli Gielniak
0%
Beata Dudzińska
0%
Beniamin Jawoszek
0%
Beniamin Strączek
0%
Benjamin Piekarski
0%
Bernard Jamroz
0%
Bernard Kacprzak
0%
Bernard Olszewski
0%
Błażej Bis
0%
Błażej Chmielecki
0%
Błażej Chojnacki
0%
Błażej Knop
0%
Błażej Kociełkiewicz
0%
Błażej Mirosław
0%
Błażej Muszyński
0%
Błażej Narloch
0%
Błażej Parada
0%
Błażej Surma
0%
Błażej Szpiech
0%
Błażej Ulacha
0%
Błażej Wójtowicz
0%
Borys Buczyński
0%
Borys Gaćkowski
0%
Borys Sobiechowski
0%
Borys Trzeciak
0%
Borys Żyto
0%
Brajan Talarowski
0%
Brian Cegiełko
0%
Bruno Dej
0%
Bruno Drygas
0%
Bruno Górski
0%
Bruno Jabłoński
0%
Bruno Kempiński
0%
Bruno Laskowski
0%
Bruno Sobczyk
0%
Bruno Stys
0%
Celina Zymula
0%
Cezar Roman
0%
Cezary Bączek
0%
Cezary Grzanka
0%
Cezary Jakubowski
0%
Cezary Jasiński
0%
Cezary Kleszczyński
0%
Cezary Smoliński
0%
Christian Knut
0%
Cyprian Piech
0%
Czesław Ożóg-Orzegowski
0%
Czesław Pasoń
0%
Damian Beldegrin
0%
Damian Bucki
0%
Damian Czerniakiewicz
0%
Damian Deryniowski
0%
Damian Drobiński
0%
Damian Folwarski
0%
Damian Głowacki
0%
Damian Hetmańczyk
0%
Damian Izakiewicz
0%
Damian Kamiński
0%
Damian Magniszewski
0%
Damian Mecner
0%
Damian Mucha
0%
Damian Nowakowski
0%
Damian Odrzywolski
0%
Damian Rusnarczyk
0%
Damian Skrzypa
0%
Damian Skrzypiec
0%
Damian Sporysz
0%
Damian Szczyry
0%
Damian Szulik
0%
Damian Szwachła
0%
Damian Zapalski
0%
Damian Zaręba
0%
Damian Zawieruszyński
0%
Daniel Brojerski
0%
Daniel Buczkowski
0%
Daniel Droździel
0%
Daniel Ferreira
0%
Daniel Fortuna
0%
Daniel Gołębiewski
0%
Daniel Górnik
0%
Daniel Hadrian
0%
Daniel Jażdżewski
0%
Daniel Klimowicz
0%
Daniel Kobrzycki
0%
Daniel Lewandowski
0%
Daniel Mazurek
0%
Daniel Miensopust
0%
Daniel Piwowarski
0%
Daniel Plizga
0%
Daniel Poprawa
0%
Daniel Rolek
0%
Daniel Świetliński
0%
Daniel Sylwestrowicz
0%
Daniel Szot
0%
Daniel Wąchała
0%
Darek Antokolski
0%
Daria Myśliwy
0%
Dariusz Jaszczyński
0%
Dariusz Lubasiński
0%
Dariusz Matczak
0%
Dariusz Peta
0%
Dariusz Wojnowski
0%
David Rostek
0%
Dawid Bałdyga
0%
Dawid Bandosz
0%
Dawid Błachowicz
0%
Dawid Boroń
0%
Dawid Cyno
0%
Dawid Dawidowski
0%
Dawid Dul
0%
Dawid Dzienisz
0%
Dawid Gabriel
0%
Dawid Gągoł
0%
Dawid Gałka
0%
Dawid Gędłek
0%
Dawid Gliklich
0%
Dawid Goleń
0%
Dawid Goszczycki
0%
Dawid Grabowski
0%
Dawid Grobelny
0%
Dawid Grzybek
0%
Dawid Idziak
0%
Dawid Janikowski
0%
Dawid Jaśkiewicz
0%
Dawid Jęczmionka
0%
Dawid Juraszek
0%
Dawid Kafel
0%
Dawid Kalużny
0%
Dawid Karczyński
0%
Dawid Kasprzak
0%
Dawid Kmak
0%
Dawid Kokociński
0%
Dawid Kowal
0%
Dawid Kozieł
0%
Dawid Krzyżanowski
0%
Dawid Krzyżek
0%
Dawid Kuszneruk
0%
Dawid Luniewski
0%
Dawid Mainusz
0%
Dawid Maksymiuk
0%
Dawid Marciniak
0%
Dawid Matuszczyk
0%
Dawid Maziarski
0%
Dawid Nowak
0%
Dawid Olszewski
0%
Dawid Poniatowski
0%
Dawid Rokita
0%
Dawid Sanecki
0%
Dawid Sobkowski
0%
Dawid Sokoliński
0%
Dawid Starczewski
0%
Dawid Stępniak
0%
Dawid Surażyński
0%
Dawid Suwaj
0%
Dawid Syposz
0%
Dawid Szczurek
0%
Dawid Szyga
0%
Dawid Tryka
0%
Dawid Twardowski
0%
Dawid Tyszer
0%
Dawid Uss
0%
Dawid Węgrzyn
0%
Dawid Wojtyczka
0%
Dawid Wróbel
0%
Dawid Wysocki
0%
Dawid Zachmyc
0%
Denis Frejtak
0%
Diana Górska
0%
Dmytro Polishchuk
0%
Domimik Smagowski
0%
Dominika Bojarczyk
0%
Dominika Gajda
0%
Dominika Kasprzyk
0%
Dominika Obara
0%
Dominik Balcarek
0%
Dominik Baroński
0%
Dominik Caus
0%
Dominik Chaja
0%
Dominik Dawidziak
0%
Dominik Dudzisz
0%
Dominik Dzięcioł
0%
Dominik Dzierżek
0%
Dominik Garbulski
0%
Dominik Jankowski
0%
Dominik Jargieło
0%
Dominik Kaliszewski
0%
Dominik Kauczor
0%
Dominik Krupa
0%
Dominik Łepek
0%
Dominik Lincer
0%
Dominik Orwat
0%
Dominik Prochal
0%
Dominik Sasak
0%
Dominik Sęk
0%
Dominik Sliwinski
0%
Dominik Stępniak
0%
Dominik Szczepański
0%
Dominik Szczurek
0%
Dominik Szmandra
0%
Dominik Trebisz
0%
Dominik Wędzina
0%
Dominik Zając
0%
Dorian Lis
0%
Dorota Łuniewska
0%
Dorota Wiśniewska
0%
Dustin Smela
0%
Dylan Wyrzykowski
0%
Elżbieta Dwornik
0%
Elżbieta Łabaj
0%
Emanuel Heliński
0%
Emanuel Wałach
0%
Emil Adamczyk-Wolny
0%
Emil Dolhinko
0%
Emil Drwięga
0%
Emil Labanowicz
0%
Emil Najjari
0%
Emil Pakos
0%
Emil Pilarski
0%
Emil Rusin
0%
Emil Szadziewski
0%
Emil Urbański
0%
Erik Gierakowski
0%
Ernest Buras
0%
Ernest Mizera
0%
Ernest Przychodzki
0%
Erwin Borowiec
0%
Erwin Joks
0%
Eryk Grzechnik
0%
Eryk Haoyan Klimek
0%
Eryk Kopczuk
0%
Eryk Matusiak
0%
Estanislao Guerrero
0%
Ethan Soliman
0%
Ewelina Gołaszewska
0%
Eyleen Kwak
0%
Fabian Dejna
0%
Fabian Feler
0%
Fabian Grzechowiak
0%
Fabian Lepsy
0%
Fabian Oleś
0%
Fabian Wrzosek
0%
Filip Andrzejczuk
0%
Filip Bańdur
0%
Filip Bednarz
0%
Filip Boberski
0%
Filip Borys
0%
Filip Broda
0%
Filip Budzisz
0%
Filip Bułat
0%
Filip Buława
0%
Filip Chodziutko
0%
Filip Chyliński
0%
Filip Czugała
0%
Filip Dąbkowski
0%
Filip Dobruk
0%
Filip Dopierała
0%
Filip Doroch
0%
Filip Droszcz
0%
Filip Flader
0%
Filip Gardas
0%
Filip Goike
0%
Filip Grudzinski
0%
Filip Janusz
0%
Filip Karolewski
0%
Filip Kiełpiński
0%
Filip Kierzek
0%
Filip Kieszkowski
0%
Filip Klawikowski
0%
Filip Kleczewski
0%
Filip Klocek
0%
Filip Klonowski
0%
Filip Kosek
0%
Filip Kwiatkowski
0%
Filip Lessnau
0%
Filip Lorenc
0%
Filip Ludwig
0%
Filip Łyczko
0%
Filip Makowski
0%
Filip Matczak
0%
Filip Michalak
0%
Filip Mikulski
0%
Filip Owsiany
0%
Filip Paturalski
0%
Filip Pawluk
0%
Filip Prucnal
0%
Filip Rogoś
0%
Filip Słowiński
0%
Filip Synowiec
0%
Filip Szydło
0%
Filip Szymański
0%
Filip Szymczak
0%
Filip Tajs
0%
Filip Tarkowski
0%
Filip Walczak
0%
Filip Wojtkiewicz
0%
Filip Wolarczyk
0%
Filip Wołejko
0%
Filip Wujecki
0%
Filip Wyczyński
0%
Filip Zdunicz
0%
Florian Karasiewicz
0%
Franciszek Bełtowski
0%
Franciszek Bosowski
0%
Franciszek Caspari
0%
Franciszek Dembiński
0%
Franciszek Frysz
0%
Franciszek Fura
0%
Franciszek Gawlik
0%
Franciszek Jaskulski
0%
Franciszek Krotoszyński
0%
Franciszek Krupinski
0%
Franciszek Krzak
0%
Franciszek Krzekotowski
0%
Franciszek Kubicki
0%
Franciszek Liszewski
0%
Franciszek Maćkiewicz
0%
Franciszek Micach
0%
Franciszek Mikołajczyk
0%
Franciszek Motyliński
0%
Franciszek Pasieczny
0%
Franciszek Rajmann
0%
Franciszek Sławecki
0%
Franciszek Śliwa
0%
Franciszek Syguła
0%
Franciszek Toborowicz
0%
Franciszek Zawiejski
0%
Franciszka Cybulska
0%
Franek Abramowicz
0%
Franek Bogacz
0%
Franek Krawczyk
0%
Franek Musiał
0%
Franek Pytka
0%
Franek Saliński
0%
Franek Świrkowski
0%
Franek Trzciński
0%
Franek Wrotny
0%
Fryderyk Baś
0%
Gabriela Basek
0%
Gabriela Frasik
0%
Gabriela Gierasimiuk
0%
Gabriel Antas
0%
Gabriela Walczowska
0%
Gabriela Warecka
0%
Gabriel Buczak
0%
Gabriel Gomułka
0%
Gabriel Jeżewski
0%
Gabriel Koczkodaj
0%
Gabriel Kowalski
0%
Gabriel Majewski
0%
Gabriel Pszonak
0%
Gabriel Rut
0%
Gabriel Sierpień
0%
Gabriel Syrek
0%
Gabriel Wójcik
0%
Gabriel Wołodźko
0%
Gabriel Zurek
0%
Gaweł Kazimierczuk
0%
Geralt Baturo
0%
Gerard Niewiada
0%
Giovanni Miletti Malarczyk
0%
Gracjan Górnowicz
0%
Gracjan Matusik
0%
Gracjan Sikora
0%
Grzegorz Baiński
0%
Grzegorz Baryła
0%
Grzegorz Biliński
0%
Grzegorz Burda
0%
Grzegorz Chrostek
0%
Grzegorz Czarniawski
0%
Grzegorz Drozdowski
0%
Grzegorz Dzikiewicz
0%
Grzegorz Fijałkowski
0%
Grzegorz Grażewicz
0%
Grzegorz Grudzień
0%
Grzegorz Gruszczyk
0%
Grzegorz Grzonka
0%
Grzegorz Grzywna
0%
Grzegorz Jaworski
0%
Grzegorz Karasiewicz
0%
Grzegorz Kazana
0%
Grzegorz Lizak
0%
Grzegorz Matusz
0%
Grzegorz Mirosław
0%
Grzegorz Moszyk
0%
Grzegorz Nazencew
0%
Grzegorz Osierda
0%
Grzegorz Pędzisz
0%
Grzegorz Popławski
0%
Grzegorz Poreda
0%
Grzegorz Prokopczyk
0%
Grzegorz Pryjma
0%
Grzegorz Rybiński
0%
Grzegorz Strojnowski
0%
Grzegorz Todor
0%
Grzegorz Woźnica
0%
Grzegorz Wrzosek
0%
Grzegorz Wysopal
0%
Grzegorz Zaborowski
0%
Gustaw Kłosek-Jursz
0%
Hanna Biernacka
0%
Hanna Bylińska
0%
Hanna Fydrych
0%
Hubert Besz
0%
Hubert Błaszczyk
0%
Hubert Błonowski
0%
Hubert Cypel
0%
Hubert Doroś
0%
Hubert Frączek
0%
Hubert Gajewski
0%
Hubert Gettler
0%
Hubert Hendel
0%
Hubert Janiak
0%
Hubert Kędra
0%
Hubert Knapik
0%
Hubert Kuczyński
0%
Hubert Kusmierzak
0%
Hubert Masłowski
0%
Hubert Melchert
0%
Hubert Nicpoń
0%
Hubert Obal
0%
Hubert Ordylowski
0%
Hubert Pyśk
0%
Hubert Ramocki
0%
Hubert Sobczak
0%
Hubert Suchecki
0%
Hubert Surmacz
0%
Hubert Szkutnik
0%
Hubert Wiśniewski
0%
Hubert Wojdak
0%
Hung Anh Phan
0%
Ian Szot
0%
Ignacy Cybulski
0%
Ignacy Jagiełło
0%
Ignacy Kandulski
0%
Ignacy Kapturski
0%
Ignacy Litwin
0%
Ignacy Matuszek
0%
Ignacy Ostas
0%
Ignacy Rymarkiewicz
0%
Ignacy Stencel
0%
Ignacy Turek
0%
Igor Barć
0%
Igor Białożyt
0%
Igor Chwedoruk
0%
Igor Cynarski
0%
Igor Esz
0%
Igor Farnicki
0%
Igor Ferdek
0%
Igor Feszter
0%
Igor Gierasimiuk
0%
Igor Kapral
0%
Igor Kiełbratowski
0%
Igor Kornalski
0%
Igor Krzywicki
0%
Igor Legucki
0%
Igor Mamiński
0%
Igor Marczak
0%
Igor Miśkowiec
0%
Igor Osiadacz
0%
Igor Piotrowiak
0%
Igor Podlejski
0%
Igor Popowicz
0%
Igor Śliwczyński
0%
Igor Słowek
0%
Igor Szafranek
0%
Igor Urbański
0%
Igor Wiaderny
0%
Igor Wiśniewski
0%
Igor Wojcieszkiewicz
0%
Igor Wrębel
0%
Igor Żukow
0%
Inga Byrska
0%
Itan Wilczynski
0%
Iwo Jarmużewski
0%
Iwo Krauze
0%
Iwo Ksiazek
0%
Iwo Nagórny
0%
Iwo Pakieła
0%
Iwo Puiszo
0%
Izabela Hawro
0%
Izabela Siniło
0%
Izabela Stęgowska
0%
Iza Drogosz
0%
Jacek Błaszczyk
0%
Jacek Brończyk
0%
Jacek Dobosz
0%
Jacek Dziurok
0%
Jacek Filip
0%
Jacek Gierasimiuk
0%
Jacek Kuziemski
0%
Jacek Kwiatkowski
0%
Jacek Najmowicz
0%
Jacek Raczyński
0%
Jacek Rupik
0%
Jacek Urban
0%
Jacek Wiśniewski
0%
Jacek Zarychta
0%
Jakub Abramek
0%
Jakub Andrzejak
0%
Jakub Babiński
0%
Jakub Bacela
0%
Jakub Banach
0%
Jakub Banaś
0%
Jakub Banaszek
0%
Jakub Bartoszek
0%
Jakub Bazgier
0%
Jakub Bena
0%
Jakub Benkes
0%
Jakub Berkop
0%
Jakub Bochenek
0%
Jakub Bochniak
0%
Jakub Brzozowski
0%
Jakub Budzynski
0%
Jakub Cendrowski
0%
Jakub Chmiel
0%
Jakub Chwaściak
0%
Jakub Chyłkowski
0%
Jakub Cisło
0%
Jakub Cook
0%
Jakub Cytrowski
0%
Jakub Czapczyński
0%
Jakub Czartowski
0%
Jakub Dąbrowski
0%
Jakub Dębowski
0%
Jakub Dmitruk
0%
Jakub Dobkowski
0%
Jakub Doktór
0%
Jakub Dorociak
0%
Jakub Drynda
0%
Jakub Dudziak
0%
Jakub Dutkiewicz
0%
Jakub Dysarz
0%
Jakub Dźwigacz
0%
Jakub Emilianowicz
0%
Jakub Fedorczyk
0%
Jakub Ferens
0%
Jakub Filip
0%
Jakub Filipkowski
0%
Jakub Fiłon
0%
Jakub Fraś
0%
Jakub Furgała
0%
Jakub Fusiecki
0%
Jakub Gałan
0%
Jakub Galimski
0%
Jakub Gieniul
0%
Jakub Głos
0%
Jakub Godlewski
0%
Jakub Gogolok
0%
Jakub Gołaski
0%
Jakub Gregorczyk
0%
Jakub Grobelny
0%
Jakub Grunwald
0%
Jakub Grzywaczewski
0%
Jakub Guziel
0%
Jakub Hebel
0%
Jakub Hirsch
0%
Jakub Hojda
0%
Jakub Hołoga
0%
Jakub Jacaszek
0%
Jakub Janusz
0%
Jakub Jarząbek
0%
Jakub Jarzombek
0%
Jakub Jaskulski
0%
Jakub Kaczmarczyk
0%
Jakub Kamiński
0%
Jakub Kasperski
0%
Jakub Kasprzyk
0%
Jakub Kaszuba
0%
Jakub Kępiński
0%
Jakub Kiliańczyk
0%
Jakub Komar
0%
Jakub Kominek
0%
Jakub Komorowski
0%
Jakub Kornacki
0%
Jakub Korpas
0%
Jakub Kozak
0%
Jakub Koziński
0%
Jakub Koziróg
0%
Jakub Kraska
0%
Jakub Krawczyk
0%
Jakub Król
0%
Jakub Kryger
0%
Jakub Kryska
0%
Jakub Krzysiek
0%
Jakub Kucharczyk
0%
Jakub Kuderski
0%
Jakub Kulczyński
0%
Jakub Kuśnierz
0%
Jakub Łączkowski
0%
Jakub Laszczewski
0%
Jakub Leszczyński
0%
Jakub Lewandowski
0%
Jakub Luba
0%
Jakub Macikowski
0%
Jakub Magdziarz
0%
Jakub Maksymilian Wankewyc
0%
Jakub Marek
0%
Jakub Marszałkowski
0%
Jakub Matysiak
0%
Jakub Mazurek
0%
Jakub Meller
0%
Jakub Mika
0%
Jakub Mironkiewicz
0%
Jakub Miszczuk
0%
Jakub Młynarski
0%
Jakub Moś
0%
Jakub Mularczyk
0%
Jakub Musiał
0%
Jakub Narewski
0%
Jakub Neuman
0%
Jakub Niedochodowicz
0%
Jakub Niksiński
0%
Jakub Nogly
0%
Jakub Nokielski
0%
Jakub Nosek
0%
Jakub Noske
0%
Jakub Ociepka
0%
Jakub Okupniak
0%
Jakub Olejarz
0%
Jakub Ostrowski
0%
Jakub Pańka
0%
Jakub Pankowski
0%
Jakub Parzych
0%
Jakub Paściak
0%
Jakub Pawlak
0%
Jakub Pędziejewski
0%
Jakub Perżyło
0%
Jakub Piasecki
0%
Jakub Piątek
0%
Jakub Piernicki
0%
Jakub Pierzchała
0%
Jakub Piotrowski
0%
Jakub Pleskacz
0%
Jakub Podgórski
0%
Jakub Pogorzelski
0%
Jakub Pomykała
0%
Jakub Popenda
0%
Jakub Potocki
0%
Jakub Prusik
0%
Jakub Różański
0%
Jakub Sawicki
0%
Jakub Seemann
0%
Jakub Seiffert
0%
Jakub Shahin
0%
Jakub Sheta
0%
Jakub Sikora
0%
Jakub Sindera
0%
Jakub Sitko
0%
Jakub Skoczylas
0%
Jakub Skrzypczyński
0%
Jakub Śladowski
0%
Jakub Śledź
0%
Jakub Soboń
0%
Jakub Sokołowski
0%
Jakub Solarski
0%
Jakub Sopel
0%
Jakub Sroga
0%
Jakub Stachi
0%
Jakub Stachniak
0%
Jakub Stachura
0%
Jakub Stanek
0%
Jakub Stanuchiewicz
0%
Jakub Stepień
0%
Jakub Straszewski
0%
Jakub Styś
0%
Jakub Sygit
0%
Jakub Sykulski
0%
Jakub Szala
0%
Jakub Szpyra
0%
Jakub Szymański
0%
Jakub Szymczak
0%
Jakub Szymczyk
0%
Jakub Szypuła
0%
Jakub Tatarzyn
0%
Jakub Taubler
0%
Jakub Tomaszewski
0%
Jakub Trójca
0%
Jakub Ura
0%
Jakub Warzecha
0%
Jakub Welcz
0%
Jakub Wesołowski
0%
Jakub Wieczorek
0%
Jakub Wierucki
0%
Jakub Wojturski
0%
Jakub Wolski
0%
Jakub Woźnowski
0%
Jakub Zaczkowski
0%
Jakub Zając
0%
Jakub Zawiślak
0%
Jakub Zębała
0%
Jakub Żelazny
0%
Jakub Żogała
0%
Jan Alwasiak
0%
Jan Baliński
0%
Jan Baran
0%
Jan Barys
0%
Jan Bebłot
0%
Jan Bulczak
0%
Jan Chomiuk
0%
Jan Cichowlas
0%
Jan Czałbowski
0%
Jan Czerwiński
0%
Janek Czarnecki
0%
Janek Dziewięcki
0%
Janek Jankowiak
0%
Jan Glamowski
0%
Jan Głombiowski
0%
Jan Gnoiński
0%
Jan Górka
0%
Jan Goroszewski
0%
Jan Grabowski
0%
Jan Gralec
0%
Jan Granieczny
0%
Jan Grzelak
0%
Jan Grzonka
0%
Jan Hardejewicz
0%
Jan Hetman
0%
Jan Hurnievic
0%
Jan Jakubowski
0%
Jan Jędrzej Kasprzak
0%
Jan Jelonkiewicz
0%
Jan Jucewicz
0%
Jan Jurkiewicz
0%
Jan Kabziński
0%
Jan Kamiński
0%
Jan Kaniuka
0%
Jan-Kanty Mikosz
0%
Jan Kisielnicki
0%
Jan Kołaczkowski
0%
Jan Kołaczyk
0%
Jan Koziarski
0%
Jan Kubrat Neczaj-Hruzewicz
0%
Jan Kuchnio
0%
Jan Kułak
0%
Jan Kwapin
0%
Jan Łaszczyk
0%
Jan Legierski
0%
Jan Łepek
0%
Jan Machalski
0%
Jan Mikluszka
0%
Jan Milewski
0%
Jan Morkowski
0%
Jan Olszewski
0%
Jan Osikiewicz
0%
Jan Parzniewski
0%
Jan Poźniakow
0%
Jan Przyłucki
0%
Jan Puwalski
0%
Jan Rak
0%
Jan Rehmus
0%
Jan Rogala
0%
Jan Rydzewski
0%
Jan Sabiniak
0%
Jan Siółkowski
0%
Jan Skrzat
0%
Jan Śliwka
0%
Jan Śliżewski
0%
Jan Stasiewicz
0%
Jan Szwedo
0%
Jan Szymczak
0%
Jan Tatoń
0%
Jan Tukendorf
0%
Janusz Antos
0%
Janusz Gajda
0%
Jan Werpachowski
0%
Jan Wierczek
0%
Jan Włodarczak
0%
Jan Ząbkiewicz
0%
Jan Zakrzewski
0%
Jan Zawistowski
0%
Jan Zdunkiewicz
0%
Jarek Orzeł
0%
Jarosław Dulewicz
0%
Jarosław Grzesiak
0%
Jarosław Krawczyk
0%
Jarosław Krzyżanowski
0%
Jarosław Orzeł
0%
Jarosław Pituła
0%
Jarosław Śmietana
0%
Jarosław Szwajkosz
0%
Jarosław Wójcik
0%
Jarosław Zięcik
0%
Jędrek Kissell
0%
Jędrzej Gier
0%
Jędrzej Majdan
0%
Jędrzej Mikołajczak
0%
Jędrzej Olszewski
0%
Jedrzej Skoczek
0%
Jędrzej Wachowiak
0%
Jeremiasz Pawluk
0%
Jeremiasz Szopski
0%
Jeremiasz Zaborowski
0%
Jeremi Jendrzejewski
0%
Jerzy Kraszewski
0%
Jerzy Wszołek
0%
Joachim Olko
0%
Joachim Więckowski
0%
Joanna Bielak
0%
Joanna Ciałoń
0%
Joanna Dawidziuk
0%
Joanna Rogowska
0%
Jonatan Hrynko
0%
Józef Reszka
0%
Józef Wański
0%
Julia Cichoń
0%
Julia Drewniok
0%
Julia Honisz
0%
Julia Kowalczyk
0%
Julia Marczak
0%
Julia Natkańska
0%
Julian Dereń
0%
Julian Gładki
0%
Julian Jeżyk
0%
Julian Lenard
0%
Julian Mikuta
0%
Julian Rybczyński
0%
Julian Sinka
0%
Julia Sposób
0%
Julia Stróżyk
0%
Julia Wojciechowska
0%
Julita Chmielewska
0%
Juliusz Adamowicz
0%
Juliusz Bełtowski
0%
Juliusz Majchrzak
0%
Kacper Andrzejewski
0%
Kacper Bański
0%
Kacper Bendig
0%
Kacper Bieńkowski
0%
Kacper Bujak
0%
Kacper Bukowski
0%
Kacper Chlebosz
0%
Kacper Ciepły
0%
Kacper Czapla
0%
Kacper Czerwiński
0%
Kacper Czuchryta
0%
Kacper Dawid
0%
Kacper Dobkowski
0%
Kacper Donecki
0%
Kacper Dudek
0%
Kacper Dziubek
0%
Kacper Gajewski
0%
Kacper Gałczyk
0%
Kacper Glszczyński
0%
Kacper Grabelus
0%
Kacper Gręda
0%
Kacper Gutowski
0%
Kacper Gwizdała
0%
Kacper Hinz
0%
Kacper Holewik
0%
Kacper Janiak
0%
Kacper Jastrzębski
0%
Kacper Jucha
0%
Kacper Kisielewski
0%
Kacper Kłos
0%
Kacper Kłosek
0%
Kacper Kobylański
0%
Kacper Kopaczewski
0%
Kacper Kosmala
0%
Kacper Kowalkowski
0%
Kacper Kryszak
0%
Kacper Krzywonos
0%
Kacper Kudaj
0%
Kacper Kulbarsz
0%
Kacper Kulczak
0%
Kacper Kupczak
0%
Kacper Kusiński
0%
Kacper Kwasow
0%
Kacper Lauk
0%
Kacper Libuszowski
0%
Kacper Lietz
0%
Kacper Lizoń
0%
Kacper Mąkosa
0%
Kacper Marcisz
0%
Kacper Marek
0%
Kacper Marek Kamiński
0%
Kacper Markiewicz
0%
Kacper Matuszyński
0%
Kacper Matyszewski
0%
Kacper Mazurkiewicz
0%
Kacper Mejgier
0%
Kacper Mendocha
0%
Kacper Migacz
0%
Kacper Milczyński
0%
Kacper Misiaszek
0%
Kacper Mol
0%
Kacper Mostowik
0%
Kacper Murawski
0%
Kacper Obal
0%
Kacper Olchowik
0%
Kacper Olejnik
0%
Kacper Olszowski
0%
Kacper Onufrzak
0%
Kacper Ościłowski
0%
Kacper Pałka
0%
Kacper Ptaszyński
0%
Kacper Rączka
0%
Kacper Rzepecki
0%
Kacper Serafin
0%
Kacper Skiba
0%
Kacper Smolarek
0%
Kacper Sokołowski
0%
Kacper Sosnowski
0%
Kacper Sowa
0%
Kacper Studenny
0%
Kacper Surma
0%
Kacper Szczypta
0%
Kacper Szmańda
0%
Kacper Szumigaj
0%
Kacper Szydłowski
0%
Kacper Szymczak
0%
Kacper Tarkowski
0%
Kacper Ufel
0%
Kacper Wereskla
0%
Kacper Wiechoczek
0%
Kacper Wilamowski
0%
Kacper Wiłkojć
0%
Kacper Wybrański
0%
Kacper Zborowski
0%
Kacper Zieliński
0%
Kajetan Kaczmarczyk
0%
Kajetan Karwowski
0%
Kajetan Raszeja
0%
Kajetan Rychel
0%
Kajtek Fiałkowski
0%
Kamila Maliszewska
0%
Kamil Antkiewicz
0%
Kamil Augustyn
0%
Kamil Bartczak
0%
Kamil Bartocha
0%
Kamil Bartosiak
0%
Kamil Bednorz
0%
Kamil Bijata
0%
Kamil Bitowt
0%
Kamil Bizoń
0%
Kamil Chrypliwy
0%
Kamil Ciapała
0%
Kamil Czepiec
0%
Kamil Dańczyszyn
0%
Kamil Drężek
0%
Kamil Dybała
0%
Kamil Fus
0%
Kamil Galicki
0%
Kamil Gawlik
0%
Kamil Gawron
0%
Kamil Glanowski
0%
Kamil Górski
0%
Kamil Grabowski
0%
Kamil Henkelman
0%
Kamil Inglot
0%
Kamil Janiczek
0%
Kamil Jankiewicz-Cieszyński
0%
Kamil Kaczmarek
0%
Kamil Kazimierczak
0%
Kamil Kida
0%
Kamil Kochan
0%
Kamil Kołcz
0%
Kamil Kołodziejczyk
0%
Kamil Kowalik
0%
Kamil Krząstek
0%
Kamil Kulka
0%
Kamil Kuzio
0%
Kamil Kuźmiński
0%
Kamil Kwaśniewski
0%
Kamil Legowski
0%
Kamil Leszewicz
0%
Kamil Lisiecki
0%
Kamil Maroń
0%
Kamil Mocek
0%
Kamil Olaszewski
0%
Kamil Olesz
0%
Kamil Pajączkowski
0%
Kamil Parchański
0%
Kamil Pawłowski
0%
Kamil Pieczka
0%
Kamil Pietras
0%
Kamil Podgarbi
0%
Kamil Polkowski
0%
Kamil Prokopowicz
0%
Kamil Pytel
0%
Kamil Rajwa
0%
Kamil Romanowski
0%
Kamil Rozmus
0%
Kamil Sabak
0%
Kamil Salamon
0%
Kamil Sikora
0%
Kamil Stanisz
0%
Kamil Strojny
0%
Kamil Szachniewicz
0%
Kamil Szymański
0%
Kamil Went
0%
Kamil Wenta
0%
Kamil Wojtysiak
0%
Karol Bątorek
0%
Karol Bezimienny
0%
Karol Boniecki
0%
Karol Bubiłek
0%
Karol Celmer
0%
Karol Chlebiński
0%
Karol Cichor
0%
Karol Czajkowski
0%
Karol Czołpiński
0%
Karol Domański
0%
Karol Dydak
0%
Karol Dzięgielewski
0%
Karol Fiałkowski
0%
Karol Gołofit
0%
Karol Gryszka
0%
Karolina Bembennek
0%
Karolina Bogdanowicz
0%
Karolina Jewiarz
0%
Karolina Kaźmierczak
0%
Karolina Kozłowska
0%
Karolina Pakuła
0%
Karolina Szarota
0%
Karolina Załucka-Dąbrowska
0%
Karolis Matulevicius
0%
Karol Jagielak
0%
Karol Jeżewski
0%
Karol Jurewicz
0%
Karol Kaziród
0%
Karol Kędzierski
0%
Karol Kępa
0%
Karol Koenig
0%
Karol Kołakowski
0%
Karol Konopka
0%
Karol Korszun
0%
Karol Kotarski
0%
Karol Kowalski
0%
Karol Krolczuk
0%
Karol Łaszewski
0%
Karol Mazur
0%
Karol Nieciecki
0%
Karol Orłowski
0%
Karol Orszulik
0%
Karol Ostapiński
0%
Karol Papis
0%
Karol Pawlak
0%
Karol Płochaja
0%
Karol Przedwojewski
0%
Karol Sabaj
0%
Karol Skorupiński
0%
Karol Sochan
0%
Karol Stanula
0%
Karol Stefański
0%
Karol Szczepański
0%
Karol Szerafin
0%
Karol Tomaszewski
0%
Karol Trykacz
0%
Karol Waszczuk
0%
Karol Wróblewski
0%
Karol Wykręt
0%
Karol Zaborski
0%
Karol Zębala
0%
Karol Ziomka
0%
Kasper Bilski
0%
Kasper Ochwat
0%
Katarzyna Bogacz
0%
Katarzyna Domańska
0%
Katarzyna Gołębiewska
0%
Katarzyna Gruszka
0%
Katarzyna Semik
0%
Katarzyna Włoszek
0%
Kinga Lemańska
0%
Kinga Niewiadomska
0%
Kinga Wiśniewska
0%
Kinga Wypych
0%
Klaudia Wołoszyk
0%
Klaudiusz Cieszyński
0%
Klaudiusz Gromnica
0%
Klaudiusz Suchecki
0%
Klaudiusz Ziemek
0%
Konrad Dobosz
0%
Konrad Dudek
0%
Konrad Dzik
0%
Konrad Golec
0%
Konrad Kozioł
0%
Konrad Kozłowski
0%
Konrad Kryński
0%
Konrad Lonca
0%
Konrad Majewski
0%
Konrad Makowski
0%
Konrad Okarmus
0%
Konrad Pajączek
0%
Konrad Paszewski
0%
Konrad Paterek
0%
Konrad Przetacznik
0%
Konrad Puchalski
0%
Konrad Sikora
0%
Konrad Sobczak
0%
Konrad Szczurek
0%
Konrad Szpilowski
0%
Konrad Waliszewski
0%
Konrad Waszczuk
0%
Konrad Winczewski
0%
Konrad Żak
0%
Konrad Zuziak
0%
Konstanty Pruski
0%
Konstanty Wartecki
0%
Kordian Błaszczyk
0%
Kornel Howil
0%
Korneliusz Lewicki
0%
Kornel Nowak
0%
Kornel Pędzisz
0%
Kornel Walczak
0%
Kryspin Gajda
0%
Krystian Dobrowolski
0%
Krystian Domagała
0%
Krystian Jasiński
0%
Krystian Kaminski
0%
Krystian Kołodziej
0%
Krystian Kuźniewski
0%
Krystian Lauchstaedt
0%
Krystian Łaziński
0%
Krystian Madej
0%
Krystian Mikołajczak
0%
Krystian Potoczak
0%
Krystian Sporysz
0%
Krystian Staszewski
0%
Krystian Wieczerzak
0%
Krzysiek Hernik
0%
Krzysiek Pradela
0%
Krzysztof Antonowicz
0%
Krzysztof Babis
0%
Krzysztof Bohm
0%
Krzysztof Bruski
0%
Krzysztof Cabaj
0%
Krzysztof Całka
0%
Krzysztof Cichy
0%
Krzysztof Czarnota
0%
Krzysztof Człowiński
0%
Krzysztof Dembiński
0%
Krzysztof Drobiński
0%
Krzysztof Dybich
0%
Krzysztof Dziechciarz
0%
Krzysztof Dziewicki
0%
Krzysztof Dźwierzyński
0%
Krzysztof Filianowicz
0%
Krzysztof Górski
0%
Krzysztof Jaskuła
0%
Krzysztof Jermak
0%
Krzysztof Jurgiełajtis
0%
Krzysztof Kacprzak
0%
Krzysztof Kaczmarzyk
0%
Krzysztof Karczewski
0%
Krzysztof Kiczela
0%
Krzysztof Kochanowski
0%
Krzysztof Koczur
0%
Krzysztof Kołba
0%
Krzysztof Kowalski
0%
Krzysztof Krężelok
0%
Krzysztof Kwaśniok
0%
Krzysztof Łękarski
0%
Krzysztof Leśniak
0%
Krzysztof Ligarski
0%
Krzysztof Lis
0%
Krzysztof Lorek
0%
Krzysztof Łyjak
0%
Krzysztof Łysik
0%
Krzysztof Modrzejewski
0%
Krzysztof Necel
0%
Krzysztof Omelianiuk
0%
Krzysztof Opalski
0%
Krzysztof Ossera
0%
Krzysztof Otczyk
0%
Krzysztof Pedrycz
0%
Krzysztof Pelczarski
0%
Krzysztof Potrykus
0%
Krzysztof Putra
0%
Krzysztof Sawicki
0%
Krzysztof Siwek
0%
Krzysztof Ślusarski
0%
Krzysztof Sobczak
0%
Krzysztof Struś
0%
Krzysztof Szymanek
0%
Krzysztof Tomczyk
0%
Krzysztof Tusiński
0%
Krzysztof Widenka
0%
Krzysztof Wojewoda
0%
Krzysztof Wyszomierski
0%
Krzysztof Zając
0%
Ksawery Bartman
0%
Ksawery Gomułka
0%
Kuba Abramek
0%
Kuba Błasiak
0%
Kuba Bławat
0%
Kuba Drzewicki
0%
Kuba Jasiuk
0%
Kuba Koperek
0%
Kuba Kowalczyk
0%
Kuba Kwaśniewski
0%
Kuba Nowakowski
0%
Kuba Nowotniak
0%
Kuba Sawicki-Kulik
0%
Kuba Szewczyk
0%
Kuba Wierciński
0%
Kuba Winiarski
0%
Kuba Witczak
0%
Laura Dawidiak
0%
Laura Kowalska
0%
Laura Ładyńska
0%
Lech Grala
0%
Lena Piękosz-Grabowska
0%
Lena Zaworska
0%
Leon Bertling
0%
Leon Białkowski
0%
Leon Dudek
0%
Leon Grudzień
0%
Leon Jakub Wyrobek
0%
Leon Pisarik
0%
Leon Sied
0%
Leopold Sayawaki-Kogut
0%
Leszek Czech
0%
Leszek Miętki
0%
Liam Gabriel Winiarski
0%
Liam Stuart Ferreira
0%
Lilianna Klupa
0%
Lubomir Fronc
0%
Lucky Nihalani
0%
Ludwik Śledź
0%
Łukasz Andrzejczyk
0%
Łukasz Baryliszyn
0%
Łukasz Boczek
0%
Łukasz Bogobowicz
0%
Łukasz Borówka
0%
Łukasz Brynkus
0%
Łukasz Cysewski
0%
Łukasz Czuba
0%
Łukasz Czysz
0%
Łukasz Drozd
0%
Łukasz Dyszy
0%
Łukasz Dzius
0%
Łukasz Godlewski
0%
Łukasz Gorczyca
0%
Łukasz Jachimiak
0%
Łukasz Kasprzak
0%
Łukasz Kita
0%
Łukasz Komada
0%
Łukasz Kosz
0%
Łukasz Kozioł
0%
Łukasz Kroczek
0%
Łukasz Łach
0%
Łukasz Lepko
0%
Łukasz Leśniak
0%
Łukasz Lipski
0%
Łukasz Lisiecki
0%
Łukasz Łyskawy
0%
Łukasz Maryniak
0%
Łukasz Michalik
0%
Łukasz Olesiak
0%
Łukasz Opałka
0%
Łukasz Pasławski
0%
Łukasz Paździora
0%
Łukasz Piecek
0%
Łukasz Rosiński
0%
Łukasz Skabowski
0%
Łukasz Ślimok
0%
Łukasz Staśko
0%
Łukasz Stwora
0%
Łukasz Świderski
0%
Łukasz Świętochowski
0%
Łukasz Szadowski
0%
Łukasz Szczubełek
0%
Łukasz Tomaszewski
0%
Łukasz Tyrlik
0%
Łukasz Wieleszczyk
0%
Łukasz Wrzesiński
0%
Łukasz Żaczek
0%
Łukasz Zalewski
0%
Lyon Kwak
0%
Maciej Bąk
0%
Maciej Baster
0%
Maciej Biczysko
0%
Maciej Bronk
0%
Maciej Brzeziński
0%
Maciej Cempa
0%
Maciej Chodakowski
0%
Maciej Choma
0%
Maciej Chwastowski
0%
Maciej Cylkowski
0%
Maciej Dobosz
0%
Maciej Domagała
0%
Maciej Domżała
0%
Maciej Durański
0%
Maciej Dziwoki
0%
Maciej Etmański
0%
Maciej Figuła
0%
Maciej Fronczak
0%
Maciej Gajewski
0%
Maciej Gałczyk
0%
Maciej Gęsicki
0%
Maciej Gomulski
0%
Maciej Guszczak
0%
Maciej Handzel
0%
Maciej Jagiełło
0%
Maciej Kaczmarek
0%
Maciej Kardynał
0%
Maciej Kasperski
0%
Maciej Kierdelewicz
0%
Maciej Kluj
0%
Maciej Kołek
0%
Maciej Konopka
0%
Maciej Konstanty
0%
Maciej Koral
0%
Maciej Kowalczyk
0%
Maciej Krawczyk
0%
Maciej Krystecki
0%
Maciej Krysztofiak
0%
Maciej Książkiewicz
0%
Maciej Kucharczyk
0%
Maciej Ligenza
0%
Maciej Ludwig
0%
Maciej Mancewicz
0%
Maciej Mirowski
0%
Maciej Mituła
0%
Maciej Ołowski
0%
Maciej Pająk
0%
Maciej Papkoj
0%
Maciej Pasiek
0%
Maciej Pawłowski
0%
Maciej Peret
0%
Maciej Pluta
0%
Maciej Polak
0%
Maciej Popenda
0%
Maciej Prosowski
0%
Maciej Rogut
0%
Maciej Roś
0%
Maciej Rybiński
0%
Maciej Rymarz
0%
Maciej Sadowski
0%
Maciej Sanecki
0%
Maciej Skoczeń
0%
Maciej Śmichowicz
0%
Maciej Solakiewicz
0%
Maciej Sołtysiak
0%
Maciej Suchocki
0%
Maciej Suliński
0%
Maciej Świącik
0%
Maciej Świetliński
0%
Maciej Szpiech
0%
Maciej Tybuś
0%
Maciej Urbański
0%
Maciej Widziński
0%
Maciej Wilczyński
0%
Maciej Winter
0%
Maciej Wiśniewski
0%
Maciej Wojtkiewicz
0%
Maciej Wolny
0%
Maciej Zaleski
0%
Maciej Ziółkowski
0%
Maciek Bik
0%
Maciek Jabłoński
0%
Maciek Łapa
0%
Maciek Moćko
0%
Maciek Polewiak
0%
Magda Gancarz
0%
Magda Kalużna
0%
Magdalena Chrostek
0%
Magdalena Malepszak
0%
Magdalena Mendel
0%
Magdalena Olbromska
0%
Magdalena Rusek
0%
Magdalena Stylok
0%
Magda Malepszak
0%
Maja Drozd
0%
Maja Gawrońska
0%
Maja Michalczyk
0%
Maja Obarzanek
0%
Maja Olszewska
0%
Maja Pakulska
0%
Maja Palczewska
0%
Maja Samborska
0%
Maja Serafin
0%
Maja Zalesińska
0%
Maks Drobniewski
0%
Maks Lemieszonek
0%
Maks Murawski
0%
Maks Och
0%
Maks Owczarz
0%
Maks Szulc
0%
Maksym Beksiak
0%
Maksym Czarniecki
0%
Maksymilian Biruk
0%
Maksymilian Chmiel
0%
Maksymilian Dyląg
0%
Maksymilian Fiołka
0%
Maksymilian Gach
0%
Maksymilian Godula
0%
Maksymilian Górski
0%
Maksymilian Jankowski
0%
Maksymilian Komarnicki
0%
Maksymilian Krumholz
0%
Maksymilian Kupczak
0%
Maksymilian Kurczewski
0%
Maksymilian Kurzak
0%
Maksymilian Makowski
0%
Maksymilian Matląg
0%
Maksymilian Mazur
0%
Maksymilian Mizerka
0%
Maksymilian Mróz
0%
Maksymilian Nakonieczny
0%
Maksymilian Nowok
0%
Maksymilian Rydzewski
0%
Maksymilian Sobański
0%
Maksymilian Starzak
0%
Maksymilian Stokłosa
0%
Maksymilian Szyszko
0%
Maksymilian Tachasiuk
0%
Maksymilian Wiśniewski
0%
Maksymilian Wojnar
0%
Maksymilian Wróblewski
0%
Maksymilian Wrzosek
0%
Maksymilian Zeszutek
0%
Maksymilian Zimoch
0%
Maksym Kubica
0%
Maksym Małek
0%
Małgorzata Gregorek
0%
Małgorzata Racis
0%
Małgorzata Wójtowicz
0%
Marcel Całka
0%
Marcel Frasz
0%
Marcel Gąsiorowski
0%
Marcel Gustaw
0%
Marceli Wasek
0%
Marcel Kamiński
0%
Marcel Król
0%
Marcel Krupa
0%
Marcel Luszowski
0%
Marcel Malczyński
0%
Marcel Masłowski
0%
Marcel Nowakowski
0%
Marcel Sobecki
0%
Marcel Tereszkiewicz
0%
Marcel Wenka
0%
Marcel Wójcik
0%
Marcin Augustynowicz
0%
Marcin Chojak
0%
Marcin Ciszek
0%
Marcin Cyparski
0%
Marcin Dąbrowski
0%
Marcin Delkowski
0%
Marcin Dudek
0%
Marcin Dudziak
0%
Marcin Dwornik
0%
Marcin Frontczak
0%
Marcin Gzik
0%
Marcin Jawor
0%
Marcin Kapij
0%
Marcin Kardasz
0%
Marcin Karnicki
0%
Marcin Kornacki
0%
Marcin Kostrzewa
0%
Marcin Krzewiński
0%
Marcin Lampka
0%
Marcin Łatacz
0%
Marcin Lisiecki
0%
Marcin Łojek
0%
Marcin Łukasik
0%
Marcin Łukasiuk
0%
Marcin Miszewski
0%
Marcin Mordaka
0%
Marcin Pach
0%
Marcin Płosa
0%
Marcin Popławski
0%
Marcin Potoczny
0%
Marcin Radziszewski
0%
Marcin Rakowski
0%
Marcin Rogala
0%
Marcin Sasinowski
0%
Marcin Sołtan
0%
Marcin Sroczyński
0%
Marcin Świdnicki
0%
Marcin Szacki
0%
Marcin Szczepaniak
0%
Marcin Szymecki
0%
Marcin Warkocz
0%
Marcin Wieczorek
0%
Marcin Włodarczak
0%
Marcin Wojtal
0%
Marcin Zmysłowski
0%
Marcjan Klimek
0%
Marco Paragas
0%
Marek Bednarz
0%
Marek Binioszek
0%
Marek Brandt
0%
Marek Chmielowski
0%
Marek Gancarz
0%
Marek Kleszcz
0%
Marek Komorowski
0%
Marek Lubas
0%
Marek Miąso
0%
Marek Najmiec
0%
Marek Pruski
0%
Marek Rondo
0%
Marek Róziewicz
0%
Marek Zdziech
0%
Marek Zgoła
0%
Marek Zgrzywa
0%
Maria Muzalewska
0%
Mariusz Antas
0%
Mariusz Bołzan
0%
Mariusz Hagemejer
0%
Mariusz Kolendo
0%
Mariusz Smajdor
0%
Mariusz Wąchała
0%
Mariusz Zemła
0%
Marlena Tkocz
0%
Marta Jaworska
0%
Marta Lemańska
0%
Marta Lorens
0%
Marta Zemanek
0%
Martin Miękus
0%
Martyna Gryt
0%
Martyna Hejduk
0%
Martynas Grygutis
0%
Martyna Truszczyńska
0%
Maryla Jeż
0%
Marzena Marcol
0%
Mateusz Ambroży
0%
Mateusz Andrzejewski
0%
Mateusz Bartkiewicz
0%
Mateusz Bełz
0%
Mateusz Bieńkowski
0%
Mateusz Bileński
0%
Mateusz Bodal
0%
Mateusz Bogdała
0%
Mateusz Broniszewski
0%
Mateusz Cerulewicz
0%
Mateusz Czajkowski
0%
Mateusz Czarnik
0%
Mateusz Czmok
0%
Mateusz Dawidowicz
0%
Mateusz Dusza
0%
Mateusz Dyżewski
0%
Mateusz Dziewulski
0%
Mateusz Erdmann
0%
Mateusz Fejdych
0%
Mateusz Gabara
0%
Mateusz Gabzdyl
0%
Mateusz Gęślak
0%
Mateusz Giedroyc
0%
Mateusz Głomb
0%
Mateusz Gołębiewski
0%
Mateusz Gondek
0%
Mateusz Gontarczyk
0%
Mateusz Górny
0%
Mateusz Gralak
0%
Mateusz Grzeszata
0%
Mateusz Hanus
0%
Mateusz Jamróz
0%
Mateusz Jarosz
0%
Mateusz Kaliciak
0%
Mateusz Karalus
0%
Mateusz Kempa
0%
Mateusz Knauber
0%
Mateusz Kohut
0%
Mateusz Kolańczyk
0%
Mateusz Koleśnik
0%
Mateusz Koniuszy
0%
Mateusz Kopyściański
0%
Mateusz Kościelniak
0%
Mateusz Kosterna
0%
Mateusz Kowalczyk
0%
Mateusz Kowalik
0%
Mateusz Król
0%
Mateusz Krysiak
0%
Mateusz Krzemień
0%
Mateusz Krzemiński
0%
Mateusz Kukulski
0%
Mateusz Kulesza
0%
Mateusz Kurek
0%
Mateusz Laskus
0%
Mateusz Lepieszka
0%
Mateusz Lewandowski
0%
Mateusz Lewczuk
0%
Mateusz Litka
0%
Mateusz Majewski
0%
Mateusz Makarenko
0%
Mateusz Mańka
0%
Mateusz Meyer
0%
Mateusz Miszczyński
0%
Mateusz Młynarski
0%
Mateusz Mróz
0%
Mateusz Najsarek
0%
Mateusz Nalepka
0%
Mateusz Necel
0%
Mateusz Niećko
0%
Mateusz Niemierzycki
0%
Mateusz Niewiadomski
0%
Mateusz Nizio
0%
Mateusz Olszanecki
0%
Mateusz Opala
0%
Mateusz Pachuta
0%
Mateusz Paczkowski
0%
Mateusz Pakosz
0%
Mateusz Pankowski
0%
Mateusz Pękała
0%
Mateusz Piechowski
0%
Mateusz Pietrzak
0%
Mateusz Pietrzykowski
0%
Mateusz Potocki
0%
Mateusz Rak
0%
Mateusz Reniecki
0%
Mateusz Ruman
0%
Mateusz Safarzyński
0%
Mateusz Sambor
0%
Mateusz Samotyja
0%
Mateusz Serek
0%
Mateusz Siwek
0%
Mateusz Słapiński
0%
Mateusz Śliżewski
0%
Mateusz Słotwiński
0%
Mateusz Słowikowski
0%
Mateusz Sobolewski
0%
Mateusz Solnica
0%
Mateusz Stach
0%
Mateusz Stachowski
0%
Mateusz Stepek
0%
Mateusz Stepiczew
0%
Mateusz Stroiński
0%
Mateusz Sutor
0%
Mateusz Świeczka
0%
Mateusz Sygierycz
0%
Mateusz Sznejkowski
0%
Mateusz Szulc
0%
Mateusz Szura
0%
Mateusz Szweda
0%
Mateusz Szymański
0%
Mateusz Szypkowski
0%
Mateusz Tesarowski
0%
Mateusz Teśluk
0%
Mateusz Tobiasz
0%
Mateusz Tomaszek
0%
Mateusz Trawiński
0%
Mateusz Waliduda
0%
Mateusz Wandzel
0%
Mateusz Wąsik
0%
Mateusz Wierzbicki
0%
Mateusz Wiśniewski
0%
Mateusz Witt
0%
Mateusz Wojciula
0%
Mateusz Wojnowski
0%
Mateusz Wojtulewicz
0%
Mateusz Wojtyra
0%
Mateusz Wolniak
0%
Mateusz Wyszomirski
0%
Mateusz Żak
0%
Mateusz Zębala
0%
Mateusz Zolisz
0%
Matviy Berestovskyy
0%
Matylda Bania
0%
Maxim Siek-Zagórski
0%
Max Wrębel
0%
Michał Bąkała
0%
Michał Bakoński
0%
Michał Belczak
0%
Michał Bernacki
0%
Michał Białochleb
0%
Michał Blinowski
0%
Michał Borkowski
0%
Michał Brambor
0%
Michał Buko
0%
Michał Chrustek
0%
Michał Chudzik
0%
Michał Chumieja
0%
Michał Ciesielski
0%
Michał Cyl
0%
Michał Damrych
0%
Michał Diak
0%
Michał Dobrzycki
0%
Michał Drożdżyński
0%
Michał Dudek
0%
Michał Dudziak
0%
Michał Dusiński
0%
Michał Dziurkowski
0%
Michał Fijałkowski
0%
Michał Fluder
0%
Michał Fryda
0%
Michał Furtak
0%
Michał Gaj
0%
Michał Gandor
0%
Michał Gierlicki
0%
Michał Gmyrek
0%
Michał Godek
0%
Michał Gołombek
0%
Michał Gorawski
0%
Michał Gruba
0%
Michał Grzelak
0%
Michał Herjan
0%
Michał Herman
0%
Michał Hołdyk
0%
Michał Hordecki
0%
Michał Jackowski
0%
Michał Jałowiecki
0%
Michał Jankowski
0%
Michał Jop
0%
Michał Kacprzyk
0%
Michał Kaczmarek
0%
Michał Kaczyński
0%
Michał Kalinowski
0%
Michał Kaniewski
0%
Michal Karczewski
0%
Michał Kardynał
0%
Michał Kępczyński
0%
Michał Klatka
0%
Michał Klawikowski
0%
Michał Klimczak
0%
Michał Kmiecik
0%
Michał Kobyliński
0%
Michał Koczy
0%
Michał Kołatek
0%
Michał Korbacz
0%
Michał Kostępski
0%
Michał Krasodomski
0%
Michał Kruczalok
0%
Michał Krystecki
0%
Michał Krzechki
0%
Michał Kucak
0%
Michał Kurjata
0%
Michał Kurzydło
0%
Michał Leszewicz
0%
Michał Lewandowski
0%
Michał Ludwik
0%
Michał Lukosek
0%
Michał Łysikowski
0%
Michał Machała
0%
Michał Maj
0%
Michał Majchrzak
0%
Michał Malessa
0%
Michał Marczenko
0%
Michał Mazur
0%
Michał Mendocha
0%
Michał Merło
0%
Michał Mielniczek
0%
Michał Milówka
0%
Michał Mordarski
0%
Michał Moszczyński
0%
Michał Mrowicki
0%
Michał Mróz
0%
Michal Napierajczyk
0%
Michał Niedzielski
0%
Michał Orylski
0%
Michał Ostrowski
0%
Michał Pajewski
0%
Michal Pakulski
0%
Michał Parzyszek
0%
Michał Pędzisz
0%
Michał Pietraszko
0%
Michał Pietruszyński
0%
Michał Pinkowski
0%
Michał Piotrowski
0%
Michał Pisarski
0%
Michał Plichta
0%
Michał Polewiak
0%
Michał Potocki
0%
Michał Przybyszewski
0%
Michał Pytka
0%
Michał Radziejewski
0%
Michał Ratajczak
0%
Michał Rembalski
0%
Michał Rosiński
0%
Michał Roszak
0%
Michał Rozynek
0%
Michał Rzeczycki
0%
Michał Rzepecki
0%
Michał Sawicki
0%
Michał Sidłowski
0%
Michał Skwarczewski
0%
Michał Słomczewski
0%
Michał Soboń
0%
Michał Sowiński
0%
Michał Stachowicz
0%
Michał Stępniak
0%
Michał Sternik
0%
Michał Świderski
0%
Michał Szczepanik
0%
Michał Szczerbowski
0%
Michał Tosik
0%
Michał Tuliszkiewicz
0%
Michał Wachowicz
0%
Michał Wełniak
0%
Michał Weskida
0%
Michał Wnęta
0%
Michał Wrona
0%
Michał Wrzesień
0%
Michał Wylezol
0%
Michał Wysokiński
0%
Michał Zając
0%
Michał Żarnicki
0%
Michał Zdziech
0%
Michał Zuch
0%
Mieszko Masłowski
0%
Mieszko Stryjski
0%
Mikołaj Bąk
0%
Mikołaj Bodył
0%
Mikołaj Borys
0%
Mikołaj Chalimoniuk
0%
Mikołaj Chojnacki
0%
Mikołaj Czapla
0%
Mikołaj Duszkiewicz
0%
Mikołaj Filipiak
0%
Mikołaj Gaj
0%
Mikołaj Gasparski
0%
Mikołaj Gbiorczyk
0%
Mikołaj Giza
0%
Mikołaj Gliniecki
0%
Mikołaj Gmitrzak
0%
Mikołaj Grycel
0%
Mikołaj Jasiński
0%
Mikołaj Kamiński
0%
Mikołaj Kantor
0%
Mikołaj Kasztelan
0%
Mikołaj Kaźmierczak
0%
Mikołaj Kisała
0%
Mikołaj Konefał
0%
Mikołaj Korba
0%
Mikołaj Kruczek
0%
Mikołaj Lizak
0%
Mikołaj Maćkowiak
0%
Mikolaj Majowicz
0%
Mikołaj Majzel
0%
Mikołaj Miernik
0%
Mikołaj Miśków
0%
Mikołaj Molga
0%
Mikołaj Neumann
0%
Mikołaj Ochla
0%
Mikołaj Osuch
0%
Mikołaj Owczarz
0%
Mikołaj Pacek
0%
Mikołaj Plich
0%
Mikołaj Pomykała
0%
Mikołaj Przybylski
0%
Mikołaj Purzycki
0%
Mikołaj Rup
0%
Mikołaj Sadowski
0%
Mikołaj Sajda
0%
Mikołaj Skoczeń
0%
Mikołaj Skrzypczak
0%
Mikołaj Słowikowski
0%
Mikołaj Sowa
0%
Mikołaj Stepczak
0%
Mikołaj Szulc
0%
Mikołaj Tchorek
0%
Mikołaj Wieczerzyński
0%
Mikołaj Wilk
0%
Mikołaj Wydra
0%
Mikołaj Zawadzki
0%
Mikołaj Zdonek
0%
Mikołaj Zemło
0%
Mikołaj Żmij
0%
Milan Cwalina Brylow
0%
Milan Michalak
0%
Miłosz Czarnota
0%
Miłosz Duda
0%
Miłosz Dziduch
0%
Miłosz Jaśkiewicz
0%
Miłosz Joppek
0%
Miłosz Kacprowicz
0%
Miłosz Kawiński
0%
Miłosz Koźbiał
0%
Miłosz Kuropka
0%
Miłosz Lata
0%
Miłosz Ludwinek
0%
Miłosz Matląg
0%
Miłosz Olszański
0%
Miłosz Olszowski
0%
Miłosz Ostroga
0%
Miłosz Płatek
0%
Miłosz Roszak
0%
Miłosz Sęczkowski
0%
Miłosz Szczechowski
0%
Miłosz Tomczak
0%
Miłosz Wicher
0%
Miłosz Widuliński
0%
Miłosz Wiśniewski
0%
Miłosz Witkowski
0%
Mińosz Nowakowski
0%
Miroslaw Krukowski
0%
Moin Qannita
0%
Monika Gondorowicz
0%
Nadia Hermann
0%
Nadia Niedzwiedzka
0%
Natalia Gorgoń
0%
Natalia Kempa
0%
Natalia Kułacz
0%
Natalia Magdziarz
0%
Natalia Monkiewicz
0%
Natalia Pietras
0%
Natalia Rupala
0%
Natalia Ryczko
0%
Natalia Tomaszuk
0%
Nataniel Noetzel
0%
Natan Kostrzewski
0%
Nathaniel Bigaj
0%
Nikodem Adamiec
0%
Nikodem Burghardt
0%
Nikodem Gazi
0%
Nikodem Gospodarek
0%
Nikodem Kamiński
0%
Nikodem Kołakowski
0%
Nikodem Kruk
0%
Nikodem Macuk
0%
Nikodem Mikołajczyk
0%
Nikodem Netkowski
0%
Nikodem Paluczek
0%
Nikodem Pawłowski
0%
Nikodem Pikulski
0%
Nikodem Sołtys
0%
Nikodem Zawierucha
0%
Nikola Ziemska
0%
Nina Lulewicz
0%
Nina Pawlak
0%
Nitaj Frankowski
0%
Norbert Ciurysek
0%
Norbert Mlekodaj
0%
Norbert Oryga
0%
Norbert Oziębło
0%
Olaf Dembski
0%
Olaf Filar
0%
Olaf Gajdzik
0%
Olaf Łukomski
0%
Olaf Niechciał
0%
Olaf Oborski
0%
Olaf Oleksiak
0%
Olaf Serafin
0%
Olaf Wdowiak
0%
Olaf Zajączkowski
0%
Olaf Zielak
0%
Ola Morgała
0%
Oleg Tokarz
0%
Olek Mischke
0%
Oleksandr Gubar
0%
Oleksiy Gubar
0%
Olek Terka
0%
Olga Nowaczyk
0%
Olga Ośmiałowska
0%
Olgierd Nowak
0%
Olgierd Podkościelny
0%
Olivier Zakrzewski
0%
Oliwer Leckner
0%
Oliwer Mulawka
0%
Oliwer Podeszwa
0%
Oliwia Tołysz
0%
Oliwia Urlicka
0%
Oliwia Wesołowska
0%
Oliwier Baradziej
0%
Oliwier Ferenc
0%
Oliwier Furowicz
0%
Oliwier Gaweł
0%
Oliwier Grabarz
0%
Oliwier Hajduk
0%
Oliwier Janeczek
0%
Oliwier Kaczmarek
0%
Oliwier Kasprowicz
0%
Oliwier Komaniecki
0%
Oliwier Kossak
0%
Oliwier Łukasik
0%
Oliwier Peryga
0%
Oliwier Szcześniak
0%
Oliwier Wiśniewski
0%
Oliwier Ziętek
0%
Oskar Boguń
0%
Oskar Broda
0%
Oskar Dehn-Drozdowski
0%
Oskar Duda
0%
Oskar Godlewski
0%
Oskar Gogolewski
0%
Oskar Grześkowiak
0%
Oskar Habdas
0%
Oskar Iwaszkiewicz
0%
Oskar Jasiński
0%
Oskar Karwot
0%
Oskar Kaźmierczak
0%
Oskar Krzaczek
0%
Oskar Kubik
0%
Oskar Kupis
0%
Oskar Lewandowski
0%
Oskar Maślanka
0%
Oskar Obeid
0%
Oskar Osiński
0%
Oskar Pieniążkiewicz
0%
Oskar Ponto
0%
Oskar Przybyło
0%
Oskar Ramut
0%
Oskar Staszewski
0%
Oskar Strychar
0%
Oskar Sztandarski
0%
Oskar Waliszewski
0%
Oskar Zajda
0%
Oskar Zawadowicz
0%
Pamela Szponder
0%
Patricia Kubasek
0%
Patrick Bugajski
0%
Patrycja Gorzędowska
0%
Patrycja Telesz
0%
Patrycja Trusewicz
0%
Patrycja Tucholska
0%
Patryk Brym
0%
Patryk Burzycki
0%
Patryk Celary
0%
Patryk Chudzik
0%
Patryk Dobrowolski
0%
Patryk Dulniok
0%
Patryk Galant
0%
Patryk Gawot
0%
Patryk Gołębiowski
0%
Patryk Hadrian
0%
Patryk Janczewski
0%
Patryk Karch
0%
Patryk Kasperek
0%
Patryk Kisio
0%
Patryk Kotlarz
0%
Patryk Krzyżaniak
0%
Patryk Kusz
0%
Patryk Kuzia
0%
Patryk Lasota
0%
Patryk Ledwoń
0%
Patryk Lietz
0%
Patryk Lisowski
0%
Patryk Łuszcz
0%
Patryk Mądry
0%
Patryk Misiło
0%
Patryk Morek
0%
Patryk Naguszewski
0%
Patryk Nikel
0%
Patryk Osendowski
0%
Patryk Pałka
0%
Patryk Piechowicz
0%
Patryk Piotrowski
0%
Patryk Popardowski
0%
Patryk Porąbka
0%
Patryk Rój
0%
Patryk Rozynek
0%
Patryk Rzeszut
0%
Patryk Sroka
0%
Patryk Stachyra
0%
Patryk Szczepański
0%
Patryk Szkic
0%
Patryk Szopa
0%
Patryk Wawrzyniak
0%
Patryk Werajtis
0%
Patryk Wójtowicz
0%
Patryk Wojtyła
0%
Patryk Wolski
0%
Patryk Wyleżoł
0%
Patryk Zieliński
0%
Paulina Andrzejak
0%
Paulina Czopek
0%
Paulina Fydrych
0%
Paulina Jaskulska
0%
Paulina Napierała
0%
Paulina Szpilowska
0%
Paweł Arkuszewski
0%
Paweł Badurek
0%
Paweł Bąk
0%
Paweł Brzęczek
0%
Paweł Budzejko
0%
Paweł Budziński
0%
Paweł Bytnar
0%
Paweł Ciołek
0%
Paweł Dembicki
0%
Paweł Demjankowski
0%
Paweł Dmochowski
0%
Paweł Duda
0%
Paweł Fedyk
0%
Paweł Filar
0%
Paweł Frankowski
0%
Paweł Gac
0%
Paweł Górecki
0%
Paweł Gross
0%
Paweł Herduś
0%
Paweł Jańczak
0%
Paweł Kaczoruk
0%
Paweł Kasprzykowski
0%
Paweł Klamut
0%
Paweł Knysok
0%
Paweł Kopciuch
0%
Paweł Kosiorek
0%
Paweł Koter
0%
Paweł Król
0%
Paweł Kubera
0%
Paweł Kuna
0%
Paweł Leszczyński
0%
Paweł Lipiński
0%
Paweł Małojło
0%
Paweł Małysz
0%
Paweł Mańkowski
0%
Paweł Marton
0%
Paweł Mazurek
0%
Paweł Meller
0%
Paweł Mieczkowski
0%
Paweł Nagiel
0%
Paweł Oświeciński
0%
Paweł Otrębski
0%
Paweł Ożóg
0%
Paweł Palcar
0%
Paweł Pałka
0%
Paweł Piwowarski
0%
Paweł Podgórski
0%
Paweł Przybylski
0%
Paweł Rajkiewicz
0%
Paweł Ramut
0%
Paweł Roszman
0%
Paweł Sakowicz
0%
Paweł Sękul
0%
Paweł Serkowski
0%
Paweł Sikora
0%
Paweł Słowik
0%
Paweł Śmigiel
0%
Paweł Sprycha
0%
Paweł Strzesak
0%
Paweł Świerczek
0%
Paweł Synowiec
0%
Paweł Szczygieł
0%
Paweł Szmalc
0%
Paweł Szpor
0%
Paweł Wdowiak
0%
Paweł Wieczorek
0%
Paweł Wysocki
0%
Pawel Zatorski
0%
Peter Jaszczynski
0%
Peter Lübeck
0%
Philip Antonik
0%
Philipp Żurowski
0%
Piotr Bakuła
0%
Piotr Bartoszewicz
0%
Piotr Baster
0%
Piotr Bednarczyk
0%
Piotr Brodacki
0%
Piotr Buczowski
0%
Piotr Chmielewski
0%
Piotr Chmieliński
0%
Piotr Czech
0%
Piotr Czernecki
0%
Piotr Dąbrowski
0%
Piotr Dębowski
0%
Piotr Dobosz
0%
Piotr Dobrowolski
0%
Piotr Drożdżał
0%
Piotr Dryla
0%
Piotr Dudek
0%
Piotr Dudziak
0%
Piotr Dziugieł
0%
Piotrek Dryla
0%
Piotrek Misiorek
0%
Piotrek Narojczyk
0%
Piotr Gałczyk
0%
Piotr Glinka
0%
Piotr Góraj
0%
Piotr Gorgoń
0%
Piotr Goździewicz
0%
Piotr Gutkowski
0%
Piotr Jakubik
0%
Piotr Jakubowski
0%
Piotr Janiuk
0%
Piotr Jaśkiewicz
0%
Piotr Jastrzębski
0%
Piotr Kalitka
0%
Piotr Karczewski
0%
Piotr Kiełbus
0%
Piotr Kierdelewicz
0%
Piotr Kieruzel
0%
Piotr Kitowski
0%
Piotr Kochańczyk
0%
Piotr Kolasa
0%
Piotr Koska
0%
Piotr Kotela
0%
Piotr Kowolik
0%
Piotr Krajewski
0%
Piotr Krzewiński
0%
Piotr Kucharski
0%
Piotr Kwapin
0%
Piotr Lesiński
0%
Piotr Limanowski
0%
Piotr Lipiński
0%
Piotr Ludwig
0%
Piotr Majka
0%
Piotr Majtyka
0%
Piotr Makowski
0%
Piotr Marcisz
0%
Piotr Matuszczyk
0%
Piotr Mirosław
0%
Piotr Myśliński
0%
Piotr Nguyen
0%
Piotr Niedzielski
0%
Piotr Nowosielski
0%
Piotr Pączek
0%
Piotr Paluszyński
0%
Piotr Paśko
0%
Piotr Pęcherz
0%
Piotr Pęcikiewicz
0%
Piotr Pelc
0%
Piotr Piotrowski
0%
Piotr Piszak
0%
Piotr Płócienniczak
0%
Piotr Pohl
0%
Piotr Ponikowski
0%
Piotr Pręgowski
0%
Piotr Radowski
0%
Piotr Rekus
0%
Piotr Sawecki
0%
Piotr Sowiński
0%
Piotr Spychalski
0%
Piotr Stelmach
0%
Piotr Swobodziński
0%
Piotr Szczygieł
0%
Piotr Szulc
0%
Piotr Szwed
0%
Piotr Trębicki
0%
Piotr Tyrakowski
0%
Piotr Wacławski
0%
Piotr Waszak
0%
Piotr Waszek
0%
Piotr Wiaderny
0%
Piotr Wilk
0%
Piotr Włodarz
0%
Piotr Wojtaś
0%
Piotr Wysokinski
0%
Piotr Zambrzycki
0%
Piotr Zapiór
0%
Piotr Zemła
0%
Piotr Zieliński
0%
Piotr Ziemba
0%
Piotr Zyskowski
0%
Pola Ładyńska
0%
Pola Maksim
0%
Popęda Maciek
0%
Przemek Chlebica
0%
Przemek Kania
0%
Przemek Urbaniak
0%
Przemysław Chojecki
0%
Przemysław Cichoń
0%
Przemysław Czekaj
0%
Przemysław Gawełek
0%
Przemysław Kara
0%
Przemysław Kleniewski
0%
Przemysław Kowalski
0%
Przemysław Leśniak
0%
Przemysław Maryjosz
0%
Przemysław Michalski
0%
Przemysław Ostrowski
0%
Przemysław Pomarański
0%
Przemysław Roszak
0%
Przemysław Wesołowski
0%
Radek Stefański
0%
Radomił Sadowski
0%
Radoslav Ginc
0%
Radosław Czoska
0%
Radosław Dudziak
0%
Radosław Ginter
0%
Radosław Gołecki
0%
Radosław Kolb
0%
Radosław Komorowski
0%
Radosław Krzemieniecki
0%
Radosław Niziałek
0%
Radosław Stręciwilk
0%
Radosław Strugała
0%
Radosław Tracz
0%
Radosław Wilczyński
0%
Radosław Żukow
0%
Rafael Najjari
0%
Rafał Bagiński
0%
Rafał Bartuzi
0%
Rafał Bednarczuk
0%
Rafał Bernat
0%
Rafał Broncel
0%
Rafał Chojnacki
0%
Rafał Cygan
0%
Rafał Drath
0%
Rafał Gajda
0%
Rafał Jachimowski
0%
Rafał Jakóbczyk
0%
Rafał Jankowski
0%
Rafał Jaskulski
0%
Rafał Jeromin
0%
Rafał Jura
0%
Rafał Klat
0%
Rafał Klifeld
0%
Rafał Kubacki
0%
Rafał Kubień
0%
Rafał Lustig
0%
Rafał Łysio
0%
Rafał Majtyka
0%
Rafał Mielewczyk
0%
Rafał Nater
0%
Rafał Ogiegło
0%
Rafał Pogorzelski
0%
Rafał Postek
0%
Rafał Pyzowski
0%
Rafał Rudolf
0%
Rafał Stottko
0%
Rafał Szarek
0%
Rafał Szopa
0%
Rafał Wilczewski
0%
Rafał Wójtowicz
0%
Rafał Wyganowski
0%
Ramaj Frankowski
0%
Remigiusz Bekierz
0%
Remigiusz Chrobak
0%
Remigiusz Kamiński
0%
Remigiusz Zając
0%
Robert Bronisławski
0%
Robert Czuchaj
0%
Robert Drozdek
0%
Robert Grzywna
0%
Robert Jarczyński
0%
Robert Kalinowski
0%
Robert Maruszczyk
0%
Robert Piechaczek
0%
Robert Poręba
0%
Robert Śmiatacz
0%
Robert Stefaniak
0%
Robert Stempak
0%
Robert Trzosowski
0%
Robert Wajoras
0%
Robert Walkowski
0%
Robert Wojtkowski
0%
Robert Zawiła
0%
Robert Żebrowski
0%
Roksana Domańska
0%
Roman Bureć
0%
Roman Franiak
0%
Roman Krajniewski
0%
Roman Pavlov
0%
Roman Załucki
0%
Ryszard Brylowski
0%
Ryszard Kiszka
0%
Samuel Iskierka
0%
Samuel Wilczek
0%
Sana Pinkas
0%
Sara Latri
0%
Sarkis Sheghamyan
0%
Sebastian Bęben
0%
Sebastian Besiński
0%
Sebastian Brzustowicz
0%
Sebastian Chojniak
0%
Sebastian Czyrzewski
0%
Sebastian Dolata
0%
Sebastian Fiołek
0%
Sebastian Gabryś
0%
Sebastian Jedlinski
0%
Sebastian Kamiński
0%
Sebastian Kózka
0%
Sebastian Król
0%
Sebastian Lewandowski
0%
Sebastian Majewski
0%
Sebastian Matyjak
0%
Sebastian Meus
0%
Sebastian Milczunas
0%
Sebastian Musioł
0%
Sebastian Niedziela
0%
Sebastian Niziołek
0%
Sebastian Okniński
0%
Sebastian Ostrowski
0%
Sebastian Owieczko
0%
Sebastian Pałka
0%
Sebastian Paździor
0%
Sebastian Rduch
0%
Sebastian Rombalski
0%
Sebastian Słowek
0%
Sebastian Szczypek
0%
Sebastian Szoda
0%
Sebastian Szyperski
0%
Sebastian Wojciechowski
0%
Sebastian Żukowski
0%
Sergiusz Brzeziński
0%
Sergiusz Chwałowski
0%
Sergiusz Jakubczak
0%
Sergiusz Jędrzejczyk
0%
Sergiusz Szryt
0%
Seweryn Kopeć
0%
Seweryn Mikrut
0%
Seweryn Wzorek
0%
Simon Kobylański
0%
Sławek Machnik
0%
Sławomir Gonska
0%
Sławomir Kapka
0%
Sławomir Korpowski
0%
Sławomir Lisowski
0%
Sławomir Świtała
0%
Sławomir Szymkowiak
0%
Sławomir Wolanin
0%
Stanisław Awianowicz
0%
Stanisław Bystry
0%
Stanisław Dmowski
0%
Stanisław Hasiec
0%
Stanisław Janecki
0%
Stanisław Krzewiecki
0%
Stanisław Marczak
0%
Stanisław Ozga
0%
Stanisław Śmigielski
0%
Stanisław Snopek
0%
Stanisław Szadowiak
0%
Stanislaw Szumielewicz
0%
Stanisław Wąsewicz
0%
Stanisław Witkowski
0%
Stanisław Wójcik
0%
Stefan Kosmowski
0%
Stefan Marzec
0%
Stefan Nosek
0%
Stefan Tobiasiewicz
0%
Stefan Ziembowicz
0%
Sylwia Borbely
0%
Sylwia Samoszyn
0%
Szczepan Górtowski
0%
Szczepan Kordos
0%
Szczepan Łągiewka
0%
Szymon Babina
0%
Szymon Bacia
0%
Szymon Baliński
0%
Szymon Bałos
0%
Szymon Belgrau
0%
Szymon Bereza
0%
Szymon Bielański
0%
Szymon Boniakowski
0%
Szymon Buczek
0%
Szymon Buła
0%
Szymon Chmurzyński
0%
Szymon Chwila
0%
Szymon Czarczynski
0%
Szymon Czyryca
0%
Szymon Dajer
0%
Szymon Demko
0%
Szymon Dronszczyk
0%
Szymon Drzewiecki
0%
Szymon Fuga
0%
Szymon Gajdziński
0%
Szymon Gawin
0%
Szymon Giernalczyk
0%
Szymon Główka
0%
Szymon Glura
0%
Szymon Grudny
0%
Szymon Gut
0%
Szymon Handzel
0%
Szymon Hankus
0%
Szymon Hofman
0%
Szymon Jagodziński
0%
Szymon Jasieńczuk
0%
Szymon Kaczorkiewicz
0%
Szymon Kaczorowski
0%
Szymon Kajstura
0%
Szymon Kaźmierczak
0%
Szymon Kitel
0%
Szymon Kopel
0%
Szymon Kostelecki
0%
Szymon Kowalewski
0%
Szymon Kryża
0%
Szymon Kubica
0%
Szymon Kuczaty
0%
Szymon Kuliś
0%
Szymon Łabarzewski
0%
Szymon Labuda
0%
Szymon Lipiński
0%
Szymon Liszewski
0%
Szymon Łukasiewicz
0%
Szymon Małota
0%
Szymon Małyniak
0%
Szymon Marcinkiewicz
0%
Szymon Matyasik
0%
Szymon Miłkowski
0%
Szymon Młotek
0%
Szymon Molak
0%
Szymon Morek
0%
Szymon Nosiński
0%
Szymon Oleksy
0%
Szymon Osadnik
0%
Szymon Piotrowski
0%
Szymon Plebańczyk
0%
Szymon Plich
0%
Szymon Podgórzec
0%
Szymon Potocki
0%
Szymon Rewig
0%
Szymon Rokita
0%
Szymon Rola
0%
Szymon Rosiński
0%
Szymon Rozynek
0%
Szymon Rusinek
0%
Szymon Sadurski
0%
Szymon Salabura
0%
Szymon Siąkała
0%
Szymon Siemiatycki
0%
Szymon Sikora
0%
Szymon Ślakowski
0%
Szymon Śliwiński
0%
Szymon Soćko
0%
Szymon Sosnowski
0%
Szymon Sowiński
0%
Szymon Stachowski
0%
Szymon Stryszyk
0%
Szymon Strzałkowski
0%
Szymon Szadkowski
0%
Szymon Szafrański
0%
Szymon Szmit
0%
Szymon Szyszka
0%
Szymon Tur
0%
Szymon Ucher
0%
Szymon Utecht
0%
Szymon Wałęka
0%
Szymon Wierzba
0%
Szymon Wiśniewski
0%
Szymon Wójcik
0%
Szymon Wojnarowicz
0%
Szymon Wojtulewicz
0%
Szymon Wolniak
0%
Szymon Woźniakiewicz
0%
Szymon Zborowski
0%
Szymon Żebracki
0%
Szymon Zimończyk
0%
Tadeusz Libiszewski
0%
Tadeusz Ługowski
0%
Tadeusz Tomala
0%
Teodor Szymański
0%
Tobiasz Augustyn
0%
Tobiasz Gromotka
0%
Tobiasz Jaśniok
0%
Tobiasz Kocik
0%
Tobiasz Miszewski
0%
Tomasz Antoni Kramkowski
0%
Tomasz Bartkowiak
0%
Tomasz Bartosiński
0%
Tomasz Blaut
0%
Tomasz Borbely
0%
Tomasz Cisło
0%
Tomasz Cygan
0%
Tomasz Dudziak
0%
Tomasz Gajda
0%
Tomasz Gieniusz
0%
Tomasz Gowin
0%
Tomasz Grochalski
0%
Tomasz Gucwa
0%
Tomasz Ignaczak
0%
Tomasz Jankowiak
0%
Tomasz Jóźwiak
0%
Tomasz Kartasiński
0%
Tomasz Klimczak
0%
Tomasz Kołakowski
0%
Tomasz Koweła
0%
Tomasz Krajewski
0%
Tomasz Kubiś
0%
Tomasz Lis
0%
Tomasz Milewski
0%
Tomasz Mleczek
0%
Tomasz Mol
0%
Tomasz Niezgoda
0%
Tomasz Nowosielski
0%
Tomasz Ochocki
0%
Tomasz Pawliński
0%
Tomasz Piechowski
0%
Tomasz Płachecki
0%
Tomasz Rogalski
0%
Tomasz Rosiak
0%
Tomasz Ryling
0%
Tomasz Sienkiewicz
0%
Tomasz Sitarz
0%
Tomasz Stasiński
0%
Tomasz Stasiuk
0%
Tomasz Stefańczyk
0%
Tomasz Święcki
0%
Tomasz Szczotka
0%
Tomasz Tomkowicz
0%
Tomasz Wawer
0%
Tomasz Wąż
0%
Tomasz Wdowski
0%
Tomasz Wietecha
0%
Tomasz Witek
0%
Tomasz Wysocki-Chorąży
0%
Tomasz Zaleski
0%
Tomasz Zwolski
0%
Tomasz Żymuła
0%
Tomek Kozłowski
0%
Tomek Kucz
0%
Tomek Sołomiewicz
0%
Tomek Wdowik
0%
Tonia Kwaśniewska
0%
Tosia Twarowska
0%
Tristan Basandowski
0%
Tymek Giza
0%
Tymon Choroszucha
0%
Tymon Filar Notecki
0%
Tymon Piwowarski
0%
Tymon Protasiewicz
0%
Tymon Wojciechowski
0%
Tymoteusz Barański
0%
Tymoteusz Cieślik
0%
Tymoteusz Dziełak
0%
Tymoteusz Funka
0%
Tymoteusz Grzegorzek
0%
Tymoteusz Jagiełło
0%
Tymoteusz Kalata
0%
Tymoteusz Kornas
0%
Tymoteusz Król
0%
Tymoteusz Lenik
0%
Tymoteusz Leśniewski
0%
Tymoteusz Olczak
0%
Tymoteusz Piliszko
0%
Tymoteusz Powroźnik
0%
Tymoteusz Sternicki
0%
Tymoteusz Surdy
0%
Tymoteusz Tymiński
0%
Tytus Górny
0%
Victor Celarek
0%
Victor Plencler
0%
Viktor Pawleta
0%
Weronika Baran
0%
Weronika Cudzich
0%
Weronika Sadzik
0%
Wiktor Augustyn Citko
0%
Wiktor Buczkowski
0%
Wiktor Dżbik
0%
Wiktor Filiks
0%
Wiktor Gawlik
0%
Wiktor Głuszczak
0%
Wiktor Haponiuk
0%
Wiktor Harasimiuk
0%
Wiktoria Groen
0%
Wiktoria Hołderna
0%
Wiktoria Kordylewska
0%
Wiktoria Skowron
0%
Wiktor Kaczorowski
0%
Wiktor Kawa
0%
Wiktor Konkol
0%
Wiktor Koprowski
0%
Wiktor Kordala
0%
Wiktor Kujawski
0%
Wiktor Kurowski
0%
Wiktor Łoskot
0%
Wiktor Maciejewski
0%
Wiktor Masternak
0%
Wiktor Meissner
0%
Wiktor Mendzelewski
0%
Wiktor Miściur
0%
Wiktor Muraszko
0%
Wiktor Nowakowski
0%
Wiktor Owsiany
0%
Wiktor Pakosz
0%
Wiktor Pandey
0%
Wiktor Pasternak
0%
Wiktor Pszczoła
0%
Wiktor Ratajkowski
0%
Wiktor Słaboń
0%
Wiktor Sobala
0%
Wiktor Stasikowski
0%
Wiktor Szpineter
0%
Wiktor Sztupecki
0%
Wiktor Wróbel
0%
Wiktor Zarzyka
0%
Wiktor Zegadło
0%
Wiktor Zientek
0%
Witold Bogacz
0%
Witold Brzeziński
0%
Witold Grzesiak
0%
Witold Kordos
0%
Witold Kozak
0%
Witold Molak
0%
Witold Skoczyński
0%
Witold Szczucki
0%
Witold Ujazdowski
0%
Witold Zyga
0%
Wojciech Bieniecki
0%
Wojciech Bryś
0%
Wojciech Burda
0%
Wojciech Działowski
0%
Wojciech Gacek
0%
Wojciech Gaik
0%
Wojciech Górecki
0%
Wojciech Gosztyła
0%
Wojciech Inglot
0%
Wojciech Jurga
0%
Wojciech Kalisz
0%
Wojciech Kędracki
0%
Wojciech Klag
0%
Wojciech Kołaczyk
0%
Wojciech Korga
0%
Wojciech Kotulski
0%
Wojciech Kulczyński
0%
Wojciech Kuszyński
0%
Wojciech Liszka
0%
Wojciech Łukasik
0%
Wojciech Maciszewski
0%
Wojciech Majkusiak
0%
Wojciech Mazur
0%
Wojciech Misztela
0%
Wojciech Ochendalski
0%
Wojciech Osuch
0%
Wojciech Pacek
0%
Wojciech Paluch
0%
Wojciech Papliński
0%
Wojciech Patrowicz
0%
Wojciech Pelc
0%
Wojciech Pilarski
0%
Wojciech Pniak
0%
Wojciech Poljanowski
0%
Wojciech Purman
0%
Wojciech Robaczyk
0%
Wojciech Rzeszutek
0%
Wojciech Sekulski
0%
Wojciech Słoniowski
0%
Wojciech Sołyga
0%
Wojciech Spisak
0%
Wojciech Superson
0%
Wojciech Syrnicki
0%
Wojciech Szymański
0%
Wojciech Tanaś
0%
Wojciech Tarnawski
0%
Wojciech Wabno
0%
Wojciech Walczyński
0%
Wojciech Wdowski
0%
Wojciech Zabokrzycki
0%
Wojtek Baranowski
0%
Wojtek Brudniewicz
0%
Wojtek Odczyk
0%
Wojtek Parchatko
0%
Wojtek Tomczak
0%
Wojtek Zuń
0%
Xavier Nelson
0%
Zahar Kusyi
0%
Zbigniew Delikowski
0%
Zbigniew Dziuba
0%
Zbigniew Kwiecień
0%
Zbigniew Węgrzyn
0%
Ziemowit Gajda
0%
Zofia Janiak
0%
Zofia Kuźniak
0%
Zofia Lemiech
0%
Zuzanna Chociej
0%
Zuzanna Hora
0%
Zuzanna Jezierska
0%
Zuzanna Krzan
0%
Zuzanna Miazek
0%
Zuzanna Pietrzela
0%
Zuzanna Sączek
0%
Zuzanna Stepnowska
0%
Zygmunt Baranowski
0%
Zygmunt Szefel
0%

Rozkład punktacji

Percentyl według liczby udzielonych odpowiedzi

Procent ludzi z każdym wynikiem

Twoja historia wyników

Nie rozwiązałeś tego quizu